Posterunki i punkty eksploatacyjne PKP PLK - Statystyki

Ogólne statystyki
  • Ten quiz został rozwiązany 243 razy
  • Średni wynik to 128 z 4213
Statystyki odpowiedzi
POSTERUNEK % Poprawnych
Katowice
45%
Warszawa Zachodnia
45%
Warszawa Wschodnia
43%
Warszawa Centralna
42%
Wrocław Główny
42%
Gdańsk Główny
40%
Poznań Główny
39%
Gdynia Główna
38%
Kraków Główny
36%
Bydgoszcz Główna
35%
Białystok
34%
Gliwice
33%
Olsztyn Główny
33%
Koło
32%
Sopot
32%
Szczecin Główny
32%
Tarnów
31%
Toruń Główny
31%
Aleksandrów Kujawski
30%
Częstochowa
30%
Łódź Widzew
30%
Lublin Główny
30%
Opole Główne
30%
Sosnowiec Główny
30%
Warszawa Główna
30%
Gdańsk Wrzeszcz
29%
Tczew
29%
Warszawa Śródmieście
29%
Zielona Góra Główna
29%
Hel
28%
Łódź Fabryczna
28%
Rzeszów Główny
28%
Bytom
27%
Dąbrowa Górnicza
27%
Przemyśl Główny
27%
Warszawa Praga
27%
Zabrze
27%
Będzin
26%
Jawor
26%
Leszno
26%
Włoszczowa
26%
Grodzisk Mazowiecki
25%
Las
25%
Rybnik
25%
Biel
24%
Kutno
24%
Warszawa Gdańska
24%
Zakopane
24%
Brzeg
23%
Chełm
23%
Częstochowa Stradom
23%
Góra
23%
Kielce
23%
Kołobrzeg
23%
Koszalin
23%
Łódź Kaliska
23%
Pruszków
23%
Psary
23%
Ruda
23%
Słupsk
23%
Wejherowo
23%
Włoszczowa Północ
23%
Zawiercie
23%
Gdańsk Oliwa
22%
Gorzów Wielkopolski
22%
Malbork
22%
Starzyny
22%
Suwałki
22%
Warszawa Ursus
22%
Elbląg
21%
Ełk
21%
Inowrocław
21%
Konin
21%
Kraków Płaszów
21%
Reda
21%
Tychy
21%
Warszawa Lotnisko Chopina
21%
Biała
20%
Bydgoszcz Wschód
20%
Chorzów Batory
20%
Gdańsk Śródmieście
20%
Gdynia Chylonia
20%
Kłodzko Główne
20%
Łask
20%
Lębork
20%
Legionowo
20%
Legnica
20%
Piła Główna
20%
Płock
20%
Pszczyna
20%
Radom Główny
20%
Rumia
20%
Skierniewice
20%
Sosnowiec Południowy
20%
Sprowa
20%
Świnoujście
20%
Warszawa Grochów
20%
Władysławowo
20%
Dąbrowa Górnicza Ząbkowice
19%
Jeleń
19%
Jelenia Góra
19%
Katowice Ligota
19%
Katowice Zawodzie
19%
Lubin
19%
Opoczno
19%
Sosnowiec Dańdówka
19%
Tarnowskie Góry
19%
Toruń Miasto
19%
Wisła
19%
Jastarnia
18%
Łazy
18%
Łowicz Główny
18%
Myszków
18%
Oświęcim
18%
Szczecin Dąbie
18%
Tunel
18%
Wałbrzych Główny
18%
Zgierz
18%
Będzin Miasto
17%
Bielsko-Biała Główna
17%
Bór
17%
Bydgoszcz Leśna
17%
Chałupki
17%
Ciechanów
17%
Dorota
17%
Gniezno
17%
Grudziądz
17%
Iława Główna
17%
Jaworzno Szczakowa
17%
Kamień
17%
Kozłów
17%
Kraków Prokocim
17%
Nowa Wieś
17%
Nowy Dwór Mazowiecki
17%
Oława
17%
Ostrołęka
17%
Otwock
17%
Siedlce
17%
Sól
17%
Sosnowiec Jęzor
17%
Terespol
17%
Toruń Wschodni
17%
Warszawa Ochota
17%
Warszawa Rembertów
17%
Wrocław Brochów
17%
Wrocław Mikołajów
17%
Zamość
17%
Żory
17%
Żyrardów
17%
Augustów
16%
Buk
16%
Chojnice
16%
Czechów
16%
Czechowice-Dziedzice
16%
Dębica
16%
Jasło
16%
Katowice Szopienice Południowe
16%
Nakło nad Notecią
16%
Nysa
16%
Pilawa
16%
Poznań Wschód
16%
Pruszcz Gdański
16%
Racibórz
16%
Ruda Śląska
16%
Sędziszów
16%
Sierpc
16%
Tłuszcz
16%
Warszawa Stadion
16%
Warszawa Włochy
16%
Warszawa Wola
16%
Włocławek
16%
Będzin Ksawera
15%
Koluszki
15%
Kraków Nowa Huta
15%
Lublin Zachodni
15%
Mława
15%
Puck
15%
Sandomierz
15%
Zagórz
15%
Andrychów
14%
Braniewo
14%
Cieszyn
14%
Dąbrowa Górnicza Wschodnia
14%
Dęblin
14%
Działdowo
14%
Gdańsk Politechnika
14%
Gdańsk Stocznia
14%
Gdynia Port
14%
Jarosław
14%
Juliusz
14%
Kędzierzyn-Koźle
14%
Kłodzko Miasto
14%
Łeba
14%
Lubliniec
14%
Mińsk Mazowiecki
14%
Mysłowice
14%
Olsztyn Zachodni
14%
Opoczno Południe
14%
Opole Zachodnie
14%
Ostrów Wielkopolski
14%
Piotrków Trybunalski
14%
Poznań Franowo
14%
Sławków
14%
Sochaczew
14%
Sopot Kamienny Potok
14%
Sopot Wyścigi
14%
Susz
14%
Szczecinek
14%
Tarnobrzeg
14%
Trzebinia
14%
Warszawa Główna Towarowa
14%
Warszawa Olszynka Grochowska
14%
Warszawa Ursus Niedźwiadek
14%
Warszawa ZOO
14%
Wrocław Nadodrze
14%
Zduńska Wola
14%
Żywiec
14%
Biała Podlaska
13%
Brodnica
13%
Ciechocinek
13%
Inowrocław Rąbinek
13%
Kalisz
13%
Kostrzyn
13%
Kraków Mydlniki
13%
Krosno
13%
Laskowice Pomorskie
13%
Łódź Chojny
13%
Lubartów
13%
Medyka
13%
Milanów
13%
Nowy Sącz
13%
Olkusz
13%
Piaseczno
13%
Pszczółki
13%
Rzeszów Zachodni
13%
Skarżysko-Kamienna
13%
Sosnowiec Kazimierz
13%
Sosnowiec Maczki
13%
Szczecin Port Centralny
13%
Ustka
13%
Wałbrzych Miasto
13%
Warszawa Aleje Jerozolimskie
13%
Wolsztyn
13%
Września
13%
Adampol
12%
Katowice Brynów
12%
Koniecpol
12%
Kościerzyna
12%
Kraków Lotnisko
12%
Łańcut
12%
Łapy
12%
Legionowo Piaski
12%
Miastko
12%
Poznań Starołęka
12%
Puławy
12%
Rawicz
12%
Rypin
12%
Rzepin
12%
Sanok
12%
Szklarska Poręba Górna
12%
Tuchola
12%
Warszawa Wileńska
12%
Zgorzelec
12%
Bełchatów
11%
Białogard
11%
Bukowno
11%
Bydgoszcz Zachód
11%
Bytom Karb
11%
Chabówka
11%
Częstochowa Raków
11%
Dąbrowa Górnicza Strzemieszyce
11%
Dąbrowa Górnicza Towarowa
11%
Gdańsk Zaspa
11%
Gdynia Orłowo
11%
Gliwice Łabędy
11%
Głogów
11%
Góra Kalwaria
11%
Góra Włodowska
11%
Hajnówka
11%
Hrubieszów Miasto
11%
Huta
11%
Katowice Muchowiec
11%
Korytów
11%
Kraków Batowice
11%
Krzyż
11%
Łuków
11%
Maksymilianowo
11%
Miechów
11%
Milanówek
11%
Modlin
11%
Nasielsk
11%
Nowa Wieś Wielka
11%
Otłoczyn
11%
Pabianice
11%
Pelplin
11%
Płońsk
11%
Przemyśl Zasanie
11%
Przeworsk
11%
Sławno
11%
Smętowo
11%
Sosnowiec Porąbka
11%
Stalowa Wola
11%
Stargard
11%
Starogard Gdański
11%
Strzałki
11%
Sulejówek
11%
Świętochłowice
11%
Szczytno
11%
Tomaszów Mazowiecki
11%
Tychy Lodowisko
11%
Wadowice
11%
Warszawa Gołąbki
11%
Warszawa Powiśle
11%
Warszawa Targówek
11%
Warszawa Toruńska
11%
Warszawa Ursus Północny
11%
Warszawa Wawer
11%
Wołomin
11%
Zbąszyń
11%
Zielonka
11%
Baby
10%
Bydgoszcz Fordon
10%
Chorzów Miasto
10%
Frombork
10%
Gdynia Cisowa
10%
Gdynia Postojowa
10%
Gostyń
10%
Kraków Bieżanów
10%
Krzeszowice
10%
Łomża
10%
Miasteczko Śląskie
10%
Oborniki Śląskie
10%
Olszamowice
10%
Osie
10%
Police
10%
Puławy Azoty
10%
Ruda Chebzie
10%
Rybnik Towarowy
10%
Środa Wielkopolska
10%
Święta Katarzyna
10%
Ustroń
10%
Warszawa Anin
10%
Warszawa Koło
10%
Warszawa Służewiec
10%
Wodzisław Śląski
10%
Zebrzydowice
10%
Biała Rawska
9%
Biłgoraj
9%
Bochnia
9%
Bolesławiec
9%
Chrzanów
9%
Dąbrowa Górnicza Huta Katowice
9%
Dorohusk
9%
Gdańsk Port Północny
9%
Gdynia Redłowo
9%
Gostynin
9%
Grodzisk Wielkopolski
9%
Herby Nowe
9%
Herby Stare
9%
Idzikowice
9%
Imielin
9%
Jarocin
9%
Jeleśnia
9%
Józefów
9%
Katowice Szopienice Północne
9%
Kluczbork
9%
Kolbuszowa
9%
Kraków Bronowice
9%
Kraków Mydlniki Wapiennik
9%
Kraśnik
9%
Krasnystaw
9%
Krotoszyn
9%
Lublin Tatary
9%
Milówka
9%
Nałęcz
9%
Nowy Targ
9%
Pilichowice
9%
Rudnik
9%
Solec Kujawski
9%
Sucha Beskidzka
9%
Świnoujście Port
9%
Szklarska Poręba Dolna
9%
Terespol Pomorski
9%
Warka
9%
Warszawa Młynów
9%
Warszawa Okęcie
9%
Władysławowo Port
9%
Wolbrom
9%
Wrocław Psie Pole
9%
Żary
9%
Żmigród
9%
Żnin
9%
Zwierzyniec
9%
Bąk
8%
Białystok Fabryczny
8%
Biskupice
8%
Blachownia
8%
Bohumin
8%
Brzoza Bydgoska
8%
Chałupy
8%
Chełm Śląski
8%
Chełm Wschodni
8%
Chełmża
8%
Czersk
8%
Dąbrowa Górnicza Gołonóg
8%
Dąbrowa Górnicza Pogoria
8%
Dąbrowa Górnicza Południowa
8%
Dąbrowa Górnicza Sikorka
8%
Gdańsk Orunia
8%
Gdynia Grabówek
8%
Gdynia Wzgórze Św.Maksymiliana
8%
Giżycko
8%
Gniew
8%
Goleniów
8%
Górki
8%
Gorlice
8%
Hrebenne
8%
Jelcz-Laskowice
8%
Józefinów
8%
Kalwaria Zebrzydowska
8%
Kalwaria Zebrzydowska Lanckorona
8%
Kamień Pomorski
8%
Kartuzy
8%
Katowice Piotrowice
8%
Katowice Załęże
8%
Knapówka
8%
Kobiór
8%
Końskie
8%
Korsze
8%
Kościan
8%
Kraków Łagiewniki
8%
Kraków Przedmieście
8%
Krynica-Zdrój
8%
Kutno Azory
8%
Kuźnica (Hel)
8%
Łęczyca
8%
Legionowo Przystanek
8%
Leżajsk
8%
Łódź Olechów
8%
Łódź Żabieniec
8%
Lublin Północny
8%
Lublin Rury
8%
Lublin Zemborzyce
8%
Luboń koło Poznania
8%
Łupków
8%
Lwówek Śląski
8%
Maków
8%
Międzyzdroje
8%
Mielec
8%
Mikołajki
8%
Nędza
8%
Nidzica
8%
Nowa Sól
8%
Nowy Dwór Gdański
8%
Olecko
8%
Oleśnica
8%
Opole Wschodnie
8%
Orzesze
8%
Ostróda
8%
Ożarów Mazowiecki
8%
Pasłęk
8%
Pisz
8%
Płock Trzepowo
8%
Poraj
8%
Poronin
8%
Prabuty
8%
Puławy Chemia
8%
Radomsko
8%
Radom Wschodni
8%
Rejowiec
8%
Ropczyce
8%
Siemianowice Śląskie
8%
Sieradz
8%
Stalowa Wola Rozwadów
8%
Strzelce Opolskie
8%
Sulejówek Miłosna
8%
Suszec
8%
Swarzędz
8%
Świdnik
8%
Szabelnia
8%
Szczebrzeszyn
8%
Szeligi
8%
Szklarska Poręba Średnia
8%
Trzebnica
8%
Tychy Miasto
8%
Warszawa Powązki
8%
Wejherowo Śmiechowo
8%
Wierzchucin
8%
Włodawa
8%
Wrocław Grabiszyn
8%
Wrocław Muchobór
8%
Wrocław Zachodni
8%
Zamość Starówka
8%
Zbąszynek
8%
Zegrze Południowe
8%
Zgierz Kontrewers
8%
Żukowo
8%
Żurawica
8%
Zwardoń
8%
Alwernia
7%
Balin
7%
Bełżec
7%
Białystok Zielone Wzgórza
7%
Brynów
7%
Brzesko Okocim
7%
Brzeźno
7%
Brzoza Toruńska
7%
Bydgoszcz Bielawy
7%
Chodzież
7%
Chorzów Stary
7%
Czeremcha
7%
Człuchów
7%
Gdańsk Port Lotniczy
7%
Gdynia Stadion
7%
Gryfice
7%
Gryfino
7%
Izbica
7%
Jaworzno Ciężkowice
7%
Jędrzejów
7%
Jurata
7%
Kaliska
7%
Katowice Podlesie
7%
Kielce Herbskie
7%
Korzybie
7%
Kraków Sanktuarium
7%
Krasnystaw Fabryczny
7%
Kudowa-Zdrój
7%
Kwidzyn
7%
Łąg
7%
Lubaczów
7%
Międzyrzec Podlaski
7%
Morąg
7%
Mrągowo
7%
Mrozy
7%
Nałęczów
7%
Nisko
7%
Olsztynek
7%
Ostrowiec Świętokrzyski
7%
Pionki
7%
Pleszew
7%
Poznań Antoninek
7%
Poznań Górczyn
7%
Przemyśl Bakończyce
7%
Puławy Miasto
7%
Radzyń Podlaski
7%
Sędziszów Małopolski
7%
Słupca
7%
Sokółka
7%
Stalowa Wola Centrum
7%
Stalowa Wola Południe
7%
Stawiska
7%
Strumień
7%
Świdnica Miasto
7%
Szczecin Gum/Gra(Gr)
7%
Szczecin Gumieńce
7%
Szczecin Gum/Tan(Gr)
7%
Szczecin Zdroje
7%
Szczejkowice
7%
Tarczyn
7%
Toruń Kluczyki
7%
Wągrowiec
7%
Wałbrzych Centrum
7%
Warszawa Choszczówka
7%
Warszawa Dawidy
7%
Warszawa Podskarbińska
7%
Warszawa Wschodnia Towarowa
7%
Węgierska Górka
7%
Wieluń
7%
Wólka
7%
Wólka Orłowska
7%
Wrocław Nowy Dwór
7%
Wrocław Popowice
7%
Wrocław Sołtysowice
7%
Wrocław Stadion
7%
Wyrzysk Osiek
7%
Zabierzów
7%
Ząbki
7%
Żagań
7%
Zagrody
7%
Zamość Wschód
7%
Zawada
7%
Zawadówka
7%
Zduńska Wola Karsznice
7%
Żurawica Rozrządowa
7%
Zwierzyniec Towarowy
7%
Basznia
6%
Basznia Dolna
6%
Będzin Łagisza
6%
Brzeg Dolny
6%
Bydgoszcz Łęgnowo
6%
Celestynów
6%
Chełm Miasto
6%
Cierpice
6%
Czachówek Południowy
6%
Czachówek Wschodni
6%
Czarnca
6%
Czyżew
6%
Darłowo
6%
Dobre Miasto
6%
Emilianów
6%
Gdańsk Przymorze-Uniwersytet
6%
Gdańsk Żabianka-AWFiS
6%
Grębów
6%
Horyniec-Zdrój
6%
Hrubieszów Towarowy
6%
Hurko
6%
Jabłonowo Pomorskie
6%
Jaroszów
6%
Jaszczów
6%
Kamieniec Ząbkowicki
6%
Kąty Wrocławskie
6%
Kcynia
6%
Kętrzyn
6%
Kobylnica
6%
Kórnik
6%
Kraków Bonarka
6%
Kraków Łobzów
6%
Kraków Zabłocie
6%
Krasnystaw Miasto
6%
Krzak
6%
Lębork Mosty
6%
Łódź Lublinek
6%
Luzino
6%
Majdan
6%
Małaszewicze
6%
Małkinia
6%
Medyka Rozrządowa
6%
Międzychód
6%
Międzylesie
6%
Międzyrzecz
6%
Mikołów
6%
Milicz
6%
Minkowice
6%
Mogilno
6%
Mszczonów
6%
Myszków Mrzygłód
6%
Niedrzwica
6%
Nowa Sarzyna
6%
Nowogard
6%
Orzesze Jaśkowice
6%
Piastów
6%
Poznań POD
6%
Prudnik
6%
Pruszcz Pomorski
6%
Przemyśl Wschodni
6%
Pyskowice
6%
Rabka-Zdrój
6%
Radzymin
6%
Rudnik nad Sanem
6%
Ryki
6%
Rzeszów Centrum
6%
Rzeszów Staroniwa
6%
Skoczów
6%
Słubice
6%
Sobów
6%
Środa Śląska
6%
Stoczek Łukowski
6%
Suchedniów
6%
Sulechów
6%
Susiec
6%
Szamotuły
6%
Szczecin Podjuchy
6%
Tarzymiechy
6%
Trzciniec
6%
Ustronie Morskie
6%
Ustrzyki Dolne
6%
Wąbrzeźno
6%
Warszowice
6%
Werbkowice
6%
Werchrata
6%
Wieliszew
6%
Wrocław Leśnica
6%
Zabrze Makoszowy
6%
Zagrody Kościół
6%
Zajączkowo Tczewskie
6%
Zamość Szopinek
6%
Zawiercie Borowe Pole
6%
Złojec
6%
Żulin
6%
Antoniów
5%
Babimost
5%
Bartoszyce
5%
Bełchów
5%
Bełżec Drugi
5%
Bielsko-Biała Lipnik
5%
Bielsko-Biała Wschód
5%
Bielsko-Biała Zachód
5%
Bierawa
5%
Bieruń Stary
5%
Błonie
5%
Bobrówka
5%
Bożepole Wielkie
5%
Bronów
5%
Brwinów
5%
Brzeszcze
5%
Brzeziny
5%
Busko-Zdrój
5%
Bydgoszcz Błonie
5%
Bydgoszcz Emilianowo
5%
Bydgoszcz Osowa Góra
5%
Bytom Bobrek
5%
Charsznica
5%
Chełmce
5%
Chełm Cementownia
5%
Chmielnik
5%
Chorzele
5%
Chotyłów
5%
Chruszczobród
5%
Chybie
5%
Ciepłownia
5%
Cierpice Kąkol
5%
Cieszyn Uniwersytet
5%
Czachówek Środkowy
5%
Czachówek Zachodni
5%
Czarna Woda
5%
Czesławice
5%
Częstochowa Gnaszyn
5%
Częstochowa Towarowa
5%
Dąbrowa Chełmińska
5%
Damnica
5%
Dębica Towarowa
5%
Dębina
5%
Dominów
5%
Fosowskie
5%
Garwolin
5%
Gdańsk Lipce
5%
Gdańsk Osowa
5%
Gdańsk Południowy
5%
Gdańsk Zaspa Towarowa
5%
Gdynia Leszczynki
5%
Gliwice Port
5%
Głogów Małopolski
5%
Głowno
5%
Gniewkowo
5%
Goczałków
5%
Goczałkowice
5%
Goczałkowice-Zdrój
5%
Gola
5%
Gołdap
5%
Gorlice Zagórzany
5%
Grabiszyn
5%
Grajewo
5%
Gródek
5%
Grupa
5%
Grzebowilk
5%
Hajduki
5%
Huta Deręgowska
5%
Huta Krzeszowska
5%
Jaksice
5%
Janików
5%
Jarosławiec
5%
Jaroszowiec Olkuski
5%
Jastarnia Wczasy
5%
Jastrowie
5%
Jaworzyna Śląska
5%
Jaźwiny
5%
Jezierzyce Słupskie
5%
Józefów Roztoczański
5%
Kaliska Kujawskie
5%
Kamienna Góra
5%
Kanie
5%
Katowice Dąbrówka Mała
5%
Katowice Kostuchna
5%
Katowice Towarowa
5%
Kędzierzyn-Koźle Zachodnie
5%
Kępno
5%
Kielce Piaski
5%
Kłyżów
5%
Knurów
5%
Kobyłka
5%
Kolbuszowa Górna
5%
Kołobrzeg Stadion
5%
Komańcza
5%
Koronowo
5%
Korwinów
5%
Kostomłoty
5%
Kotomierz
5%
Kozy
5%
Kraków Grzegórzki
5%
Kraków Olsza
5%
Kraków Podgórze
5%
Laliki
5%
Łaskarzew
5%
Laski
5%
Łaziska Górne
5%
Lidzbark
5%
Lipce Reymontowskie
5%
Lipno
5%
Lisewo
5%
Lublin Ponikwoda
5%
Lublin Zadębie
5%
Lubycza Królewska
5%
Łuków Łapiguz
5%
Łuków Zapowiednik
5%
Maziły
5%
Medyka Towarowa
5%
Miączyn
5%
Mielno Koszalińskie
5%
Miłocin Lubelski
5%
Mława Miasto
5%
Mokre
5%
Mońki
5%
Morze
5%
Morzeszczyn
5%
Moskale
5%
Motycz
5%
Motycz Leśny
5%
Mrzezino
5%
Munina
5%
Muszyna
5%
Mysłowice Brzezinka
5%
Mysłowice Kosztowy
5%
Myszków Nowa Wieś
5%
Nakło Śląskie
5%
Naterki
5%
Nędza Wieś
5%
Niedrzwica Kościelna
5%
Niedzieliska-Kolonia
5%
Niedźwiedź
5%
Nieszawa Waganiec
5%
Nowa Dęba
5%
Nowa Ruda
5%
Nowa Sarzyna Kolonia
5%
Nowiny
5%
Nowy Łupków
5%
Nowy Tomyśl
5%
Nowy Zagórz
5%
Oborniki Wielkopolskie
5%
Okrzeja
5%
Opalenica
5%
Opole Groszowice
5%
Osieck
5%
Ostrzeszów
5%
Ozorków
5%
Parcz
5%
Parczew
5%
Pawłowice
5%
Pawłowice Śląskie
5%
Piasek
5%
Piława Górna
5%
Pilchów
5%
Poddębice
5%
Podłęże
5%
Podzamcze
5%
Pogórze
5%
Pogorzel
5%
Połaniec
5%
Potęgowo
5%
Poznań Dębiec
5%
Poznań Garbary
5%
Pyrzowice Lotnisko
5%
Raciborowice
5%
Radom Gołębiów
5%
Radzionków
5%
Rajcza
5%
Reda Rekowo
5%
Rogów
5%
Różyny
5%
Ruda Kochłowice
5%
Runowo Pomorskie
5%
Rybnik Gotartowice
5%
Rydułtowy
5%
Rynkowo Wiadukt
5%
Rzeczyca
5%
Sadurki
5%
Serock
5%
Siedlce Wschodnie
5%
Siedlce Zachodnie
5%
Siewierz
5%
Skawina
5%
Skoki
5%
Skowarcz
5%
Słupsk Północny
5%
Sokołów Podlaski
5%
Starachowice
5%
Stary Sącz
5%
Stasin Polny
5%
Staszic
5%
Staszów
5%
Stawy
5%
Stryków
5%
Subkowy
5%
Suszec Kopalnia
5%
Świdnik Miasto
5%
Świdnik Wschód
5%
Świdwin
5%
Szlachta
5%
Szozdy
5%
Sztum
5%
Szubin
5%
Szydłów
5%
Szydłowiec
5%
Tarnów Filia
5%
Tarnów Mościce
5%
Trakiszki
5%
Trawniki
5%
Turów
5%
Twarda Góra
5%
Tychy Aleja Bielska
5%
Tychy Fiat
5%
Tychy Grota Roweckiego
5%
Tychy Zachodnie
5%
Tychy Żwaków
5%
Uherka
5%
Unisław Pomorski
5%
Ustroń Polana
5%
Wałbrzych Fabryczny
5%
Wałbrzych Szczawienko
5%
Wałcz
5%
Warszawa Czyste
5%
Warszawa Gocławek
5%
Warszawa Jeziorki
5%
Warszawa Płudy
5%
Warszawa Rakowiec
5%
Warszawa Zachodnia peron 9
5%
Warszawa Żerań
5%
Węgliniec
5%
Widełka
5%
Wieliczka Rynek-Kopalnia
5%
Wieprz
5%
Wiesiółka
5%
Wilkołaz
5%
Wilkołaz Wieś
5%
Wilkowice
5%
Wisła Głębce
5%
Wisła Uzdrowisko
5%
Wolin
5%
Wólka Kańska
5%
Wólka Niedzieliska
5%
Wólka Okopska
5%
Wrocław Osobowice
5%
Wrocław Pracze
5%
Wrocław Różanka
5%
Wrocław Świebodzki
5%
Wrocław Świniary
5%
Wrocław Żerniki
5%
Wronki
5%
Wschowa
5%
Zabierzów Rząska
5%
Zabrzeg
5%
Zabrzeg Czarnolesie
5%
Zalesie Krasieńskie
5%
Zarzeka
5%
Zator
5%
Żelisławice
5%
Złotniki
5%
Złotniki Kujawskie
5%
Antonin
4%
Bąków
4%
Bąkowiec
4%
Barłogi
4%
Bednary
4%
Bełchatów Miasto
4%
Bezwola
4%
Białystok Starosielce
4%
Bielsko-Biała Leszczyny
4%
Bielsko-Biała Północ
4%
Biskupice Wielkopolskie
4%
Borowa Górka
4%
Bukowno Przymiarki
4%
Bytom Północny
4%
Chałupki (Gr)
4%
Chmielniki Bydgoskie
4%
Chrzanów Śródmieście
4%
Ciecierzyn
4%
Czarnków
4%
Czechowice-Dziedzice Południowe
4%
Czechowice-Dziedzice Przystanek
4%
Czerwionka
4%
Czerwonka
4%
Dąbrowa Górnicza Piekło
4%
Damasławek
4%
Długoszyn
4%
Dorohusk (Gr)
4%
Drawsko Pomorskie
4%
Dulowa
4%
Dwory
4%
Dzierżoniów Śląski
4%
Frankamionka
4%
Gajówka
4%
Gdynia Karwiny
4%
Godętowo
4%
Halinów
4%
Hordzieżka
4%
Iłowo
4%
Jedlina-Zdrój
4%
Jedlnia-Letnisko
4%
Jelcz Miłoszyce
4%
Jelenia Góra Cieplice
4%
Kalety
4%
Katowice Ochojec
4%
Kędzierzyn-Koźle Azoty
4%
Kęty
4%
Klementowice
4%
Kleszczów
4%
Kłobuck
4%
Kobylany
4%
Kolno
4%
Komańcza Letnisko
4%
Końskowola
4%
Kowalewo Pomorskie
4%
Krężnica Jara
4%
Krościenko
4%
Kuźnia Raciborska
4%
Kuźnica Białostocka
4%
Łapy Osse
4%
Łaziska Średnie
4%
Leopoldów
4%
Leszczyny
4%
Leszno Grzybowo
4%
Łętownia
4%
Lipinki
4%
Lisów
4%
Łobez
4%
Łódź Andrzejów
4%
Łódź Niciarniana
4%
Łódź Pabianicka
4%
Łódź Retkinia
4%
Lubań Śląski
4%
Lubartów Słowackiego
4%
Maków Podhalański
4%
Małaszewicze Południowe
4%
Marków
4%
Mikołów Jamna
4%
Miłobądz
4%
Mockava
4%
Myszków Światowit
4%
Namysłów
4%
Nosówko
4%
Nowy Staw
4%
Ocice
4%
Oleśnica Rataje
4%
Olsztyn Gutkowo
4%
Olsztyn Śródmieście
4%
Orneta
4%
Osielec
4%
Ostromecko
4%
Ostrów Mazowiecka
4%
Otwock Śródborów
4%
Otwock Świder
4%
Ozimek
4%
Palędzie
4%
Parlin
4%
Piechowice
4%
Pionki Zachodnie
4%
Podbór
4%
Poznań Dębina
4%
Poznań Krzesiny
4%
Poznań Piątkowo
4%
Pruchna
4%
Przeworsk Gorliczyna
4%
Przysucha
4%
Puszcza Mariańska
4%
Puszczykowo
4%
Racibórz Markowice
4%
Radom Południowy
4%
Radostowice
4%
Radzionków Rojca
4%
Reblino
4%
Rokiciny
4%
Rudawa
4%
Rudyszwałd
4%
Rumia Janowo
4%
Rybnik Rymer
4%
Rzeczyca-Kolonia
4%
Rzeszów Politechnika
4%
Rzeszów Staromieście
4%
Sępólno Krajeńskie
4%
Siedliska
4%
Siedliska Tomaszowskie
4%
Skarżysko Kościelne
4%
Skierniewice Rawka
4%
Skoki - Borowa
4%
Spychowo
4%
Stalowa Wola Charzewice
4%
Stalowa Wola Rozwadów Towarowa
4%
Strzegom
4%
Strzelin
4%
Subkowy Centrum
4%
Sulęcin
4%
Sumina
4%
Swarzewo
4%
Świdnica Przedmieście
4%
Świnoujście Przytór
4%
Szastarka
4%
Szymankowo
4%
Toruń Czerniewice
4%
Toszek
4%
Trzebiatów
4%
Ustka Uroczysko
4%
Warlubie
4%
Warszawa Falenica
4%
Warszawa Wesoła
4%
Warszawa Żwirki i Wigury
4%
Wierzchucin Stary
4%
Wilkowice Bystra
4%
Wisła Dziechcinka
4%
Wola Filipowska
4%
Wołów
4%
Wrocław Gądów
4%
Wrocław Kuźniki
4%
Wrocław Szczepin
4%
Wyszków
4%
Ząbkowice Śląskie
4%
Zajezierze koło Dęblina
4%
Zaklików
4%
Zamość Bortatycze
4%
Żarki-Letnisko
4%
Zarzecze
4%
Zielonka Bankowa
4%
Złocieniec
4%
Żytkowice
4%
Babica
3%
Barczewo
3%
Bardo Śląskie
3%
Barwałd Średni
3%
Bedoń
3%
Biała Podlaska Wschodnia
3%
Bielany Wrocławskie
3%
Bielsko-Biała Komorowice
3%
Bielsk Podlaski
3%
Błaszki
3%
Bogaczewo
3%
Bogatynia
3%
Boguchwała
3%
Bogumiłowice
3%
Bolęcin
3%
Bolko
3%
Borowina
3%
Brody
3%
Brzeszcze Jawiszowice
3%
Bydgoszcz Politechnika
3%
Bystrzyca Kłodzka
3%
Bystrzyca koło Lublina
3%
Bytom Odrzański
3%
Cekcyn
3%
Charnowo Słupskie
3%
Chmielów
3%
Chociwel
3%
Chotomów
3%
Chybie Mnich
3%
Cisie
3%
Ćmielów
3%
Czachówek Górny
3%
Czaplinek
3%
Czarna Tarnowska
3%
Czerniewice
3%
Dąbrowa Tarnowska
3%
Dalęcino
3%
Dęba Rozalin
3%
Dobrynka
3%
Domaniewice
3%
Drzewica
3%
Elbląg Zdrój
3%
Gałkówek
3%
Gdańsk Brętowo
3%
Gdańsk Rębiechowo
3%
Gdańsk Stadion Expo
3%
Gdańsk Strzyża
3%
Gdynia Wielki Kack
3%
Głuchołazy
3%
Głuchów
3%
Gniezno Winiary
3%
Gołąb
3%
Gronów
3%
Gronowo Elbląskie
3%
Grudziądz Mniszek
3%
Iwin
3%
Jaktorów
3%
Kaczory
3%
Kaczyce
3%
Kąkolewo
3%
Kaniów
3%
Karwice
3%
Kłodawa
3%
Kobierzyce
3%
Kobylnica Słupska
3%
Konopne
3%
Kosina
3%
Kraków Bieżanów Drożdżownia
3%
Kraków Swoszowice
3%
Krośnice
3%
Krosno Odrzańskie
3%
Krzywda
3%
Łąck
3%
Leśniczówka
3%
Libiąż
3%
Lichkov
3%
Lipinki Łużyckie
3%
Łochów
3%
Łodygowice
3%
Łódź Dąbrowa
3%
Łódź Marysin
3%
Łódź Olechów Zachód
3%
Łopatki
3%
Łowicz Przedmieście
3%
Lubartów Lipowa
3%
Mąkołowiec
3%
Malbork Kałdowo
3%
Małdyty
3%
Małogoszcz
3%
Masłońskie Natalin
3%
Mełno
3%
Metan
3%
Miasteczko Śląskie Centrum
3%
Michalin
3%
Michałów-Reginów
3%
Międzyborów
3%
Milówka Zabawa
3%
Mleczewo
3%
Mordy
3%
Mosina
3%
Mścice
3%
Nida
3%
Nowy Bieruń
3%
Nowy Świętów
3%
Ogrodniki
3%
Oleszyce
3%
Olsztyn Dajtki
3%
Olza
3%
Orzysz
3%
Paczków
3%
Paczyna
3%
Panewnik
3%
Parczew Kolejowa
3%
Parzniew
3%
Pasym
3%
Pawłówek
3%
Pełkinie
3%
Perkowice
3%
Pieczyska
3%
Piekary Śląskie Szarlej
3%
Pierściec
3%
Płock Radziwie
3%
Płyćwia
3%
Podstolice
3%
Pogorzelice
3%
Pomiechówek
3%
Poznań Junikowo
3%
Poznań Podolany
3%
Poznań Strzeszyn
3%
Poznań Wola
3%
Pustelnik
3%
Puszczykówko
3%
Pyrzyce
3%
Raciąż
3%
Radlin Obszary
3%
Radom Północny
3%
Radzice
3%
Radziechowy Wieprz
3%
Regulice
3%
Ruda Wirek
3%
Rudziniec Gliwicki
3%
Rzepedź
3%
Rzeszów Miłocin
3%
Rzeszów Załęże
3%
Sarnów
3%
Sątopy
3%
Siechnice
3%
Sierakówek
3%
Skrzynki
3%
Sobibór
3%
Sobótka
3%
Spała
3%
Spytkowice
3%
Śrem
3%
Stadion
3%
Stara Wieś
3%
Stare Bojanowo
3%
Strażów
3%
Strzyżyno Słupskie
3%
Suchy Las
3%
Świekatowo
3%
Świerże Górne
3%
Sycewice
3%
Szczawne Kulaszne
3%
Szczecin Niebuszewo
3%
Szczecin Wzgórze Hetmańskie
3%
Szczecin Zdunowo
3%
Szklarska Poręba Huta
3%
Szobiszowice
3%
Terespol (Gr)
3%
Tereszpol Biłgorajski
3%
Tolkmicko
3%
Trzemeszno
3%
Tworóg
3%
Tychowo
3%
Tymbark
3%
Uherce
3%
Uhrusk
3%
Ustanówek
3%
Ustroń Brzegi
3%
Warszawa Radość
3%
Wiekowo
3%
Wieliszew Centrum
3%
Wieruszów
3%
Wierzchosławice
3%
Wisła Kopydło
3%
Witonia
3%
Wola Rzędzińska
3%
Wolica
3%
Wrocław Zakrzów
3%
Wrzeście
3%
Wydartowo
3%
Wyry
3%
Żabno
3%
Zabrze Biskupice
3%
Zaklików Miasto
3%
Zalesie Górne
3%
Zastów
3%
Zduny
3%
Zielona Góra Stary Kisielin
3%
Złotów
3%
Żukowo Wschodnie
3%
Żurawica Osobowa
3%
Żywiec Sporysz
3%
Andrychów Górnica
2%
Andrzejówka
2%
Anieliny
2%
Antoniówka
2%
Augustówka
2%
Babiak
2%
Babi Dół
2%
Baborów
2%
Baboszewo
2%
Baciuty
2%
Bagicz
2%
Barcice
2%
Barcin
2%
Bardo Przyłęk
2%
Bartodzieje
2%
Bartosze
2%
Barwałd Górny
2%
Baszewice
2%
Basznia Polska Siarka
2%
Bażanowice
2%
Będziemyśl
2%
Będzino
2%
Berejów
2%
Berezów
2%
Biadki
2%
Biała Piska
2%
Białośliwie
2%
Biały Bór
2%
Biały Dunajec
2%
Białystok Bacieczki
2%
Biecz
2%
Bielawa Dolna
2%
Bielawa Zachodnia
2%
Bielin
2%
Bielsko-Biała Mikuszowice
2%
Bieniów
2%
Bierutów
2%
Biesal
2%
Biniew
2%
Biskupice koło Kluczborka
2%
Biskupiec Reszelski
2%
Bobowa
2%
Bobry
2%
Bodzechów
2%
Boguszów-Gorce
2%
Bojanowo
2%
Bolechowo
2%
Boleszewo
2%
Boronów
2%
Borowa Oleśnicka
2%
Borowiany
2%
Borszewice
2%
Borysławice
2%
Brachlewo
2%
Braniewo Brama
2%
Braniewo (Gr)
2%
Brody Warszawskie
2%
Brusy
2%
Brzeszcze Kopalnia
2%
Brzezie
2%
Brzezinka Średzka
2%
Brzeziny Śląskie
2%
Brzeźnica
2%
Brzozowica
2%
Brzustów
2%
Budki Nowe
2%
Budy Głogowskie
2%
Budzyń
2%
Bulowice
2%
Byczyna Kluczborska
2%
Bydgoszcz Brdyujście
2%
Chabówka Stadion
2%
Chełmek
2%
Chmielów Zagumnie
2%
Chocicza
2%
Chociw Łaski
2%
Chocznia
2%
Chojna
2%
Chojnów
2%
Chorągiewka
2%
Chorzew Siemkowice
2%
Choszczno
2%
Chromin
2%
Chruściel
2%
Chynów
2%
Ciechanów Przemysłowy
2%
Cięcina
2%
Cięcina Dolna
2%
Cieplewo
2%
Cieszyn Marklowice
2%
Ciosmy
2%
Cisiec
2%
Cmolas
2%
Czarków
2%
Czarlin
2%
Czarna Białostocka
2%
Czarne
2%
Czaszyn
2%
Czernica Wrocławska
2%
Czerniejewo
2%
Czernikowo
2%
Czerwieńsk
2%
Czerwionka Dębieńsko
2%
Czerwonak
2%
Częstochowa Mirów
2%
Dąbkowizna
2%
Dąbrowa Białostocka
2%
Dąbrowica koło Biłgoraja
2%
Dąbrówka Malborska
2%
Dalanówek
2%
Dankowice
2%
Dębe Wielkie
2%
Dębica Wschodnia
2%
Dionizów
2%
Dłubnia
2%
Długi Kąt
2%
Długołęka
2%
Dobieszyn
2%
Domasław
2%
Dragacz
2%
Drogomyśl
2%
Drygały
2%
Drzymałowo
2%
Dubielno
2%
Duszniki-Zdrój
2%
Dwikozy
2%
Dygowo
2%
Dziewoklicz
2%
Ełk Szyba Wschód
2%
Ełk Zachód
2%
Fałkowo
2%
Florek
2%
Frankfurt/Oder
2%
Frysztak
2%
Gąbin
2%
Gądki
2%
Gajówka APO
2%
Gałęzinowo
2%
Garbatka-Letnisko
2%
Garcz
2%
Garczegorze
2%
Gardeja
2%
Gdańsk Jasień
2%
Gdańsk Kanał Kaszubski
2%
Gdańsk Kokoszki
2%
Gdańsk Matarnia
2%
Gdańsk Olszynka
2%
Gdynia Cisowa Postojowa
2%
Gdynia Stocznia-Uniwersytet Morski
2%
Gębarzewo
2%
Glinnik
2%
Gliwice Sośnica
2%
Głogówek
2%
Głogówko
2%
Głogów Małopolski Niwa
2%
Głogów Wróblin
2%
Głubczyce
2%
Głuszyno Pomorskie
2%
Gogolin
2%
Gołańcz
2%
Golce
2%
Goleniów Park Przemysłowy
2%
Goleszów
2%
Goraj
2%
Górka Duchowna
2%
Górna Grupa
2%
Górowo
2%
Gorzkowice
2%
Gorzów Chrzanowski
2%
Gorzów Wielkopolski Wschodni
2%
Gościcino Wejherowskie
2%
Gościszewo
2%
Goświnowice
2%
Gottwald
2%
Grabiny
2%
Grabów nad Pilicą
2%
Grabów Szlachecki
2%
Gralewo
2%
Granowo Nowotomyskie
2%
Grębocice
2%
Gregorowce
2%
Grodzisko
2%
Grodzisko Dolne
2%
Gronajny
2%
Grudziądz Przedmieście
2%
Gryfów Śląski
2%
Grzędzice
2%
Grzęska
2%
Grzybno
2%
Grzybów
2%
Gubin
2%
Gzin
2%
Harrachov
2%
Hrebenne (Gr)
2%
Hucisko
2%
Iława Miasto
2%
Imbramowice
2%
Inowrocław Chemia
2%
Inwałd
2%
Iwiny
2%
Jacków
2%
Jackowice
2%
Jadwiżyn
2%
Jagodin
2%
Jagodzin
2%
Jakubowice
2%
Jamielnik
2%
Jankowo Dolne
2%
Janówek
2%
Janowice Wielkie
2%
Janowiec Wielkopolski
2%
Jarosty
2%
Jaski
2%
Jaśkowice
2%
Jastrząb
2%
Jawornica
2%
Jedlicze
2%
Jedlnia Kościelna
2%
Jędrzychowice
2%
Jejkowice
2%
Jelna
2%
Jerzmanice-Zdrój
2%
Jeżewo
2%
Jeżówka
2%
Jordanów
2%
Jugowice
2%
Julianka
2%
Justynów
2%
Kalisz Pomorski
2%
Kalisz Winiary
2%
Karlino
2%
Karolinówka
2%
Karsin
2%
Katowice Morawa
2%
KATOWICE MUCHOWIEC STASZIC
2%
Kępa
2%
Kępa Gliniecka
2%
Kępice
2%
Kęty Podlesie
2%
Kiekrz
2%
Kielce Białogon
2%
Kielcza
2%
Kietrz
2%
Kłaj
2%
Klewki
2%
Klimontów
2%
Kliniska
2%
Kłodnica
2%
Kobylin
2%
Kobyłka Ossów
2%
Kochanowice
2%
Kokotów
2%
Kołobrzeg Amfiteatr
2%
Kołobrzeg Ogrody
2%
Kołodziejewo
2%
Kolonowskie
2%
Kolumna
2%
Kończyce
2%
Konin Zachód
2%
Konopki
2%
Kornatowo
2%
Kościernica
2%
Kostrzyn Wielkopolski
2%
Koszalin Politechnika
2%
Koszalin Wschodni
2%
Koszęcin
2%
Kotlin
2%
Kozioł
2%
Koźmin Wielkopolski
2%
Kozy Zagroda
2%
Kraków Lubocza
2%
Kraków Młynówka
2%
Kraków Olszanica
2%
Kraków Prokocim Towarowy
2%
Kraków Sidzina
2%
Kraków Zakliki
2%
Kraków Złocień
2%
Kramsk
2%
Krapkowice
2%
Królewo Malborskie
2%
Krościenko (Gr)
2%
Krosno Miasto
2%
Krosno Polanka
2%
Krosno Turaszówka
2%
Krupski Młyn
2%
Krusze
2%
Kruszwica
2%
Krynka Łukowska
2%
Krzemienica
2%
Krzemionki
2%
Krzepice
2%
Kucelinka
2%
Kulice Tczewskie
2%
Kutno Zachód
2%
Łączna
2%
Łąg Południowy
2%
Lamowice
2%
Lasek
2%
Lasocice
2%
Lasów
2%
Łaziska Górne Brada
2%
Lębork Nowy Świat
2%
Lednogóra
2%
Łęgajny
2%
Legnica Piekary
2%
Legnica Strefa
2%
Łęka Opatowska
2%
Leokadia
2%
Leosia
2%
Lesiów
2%
Lesko Łukawica
2%
Leśna
2%
Leśnice
2%
Leszno Górne
2%
Lewin Brzeski
2%
Ligowiec
2%
Limanowa
2%
Lipa
2%
Lipienica
2%
Lipowa Tucholska
2%
Lipowe Pole
2%
Lipusz
2%
Liswarta
2%
Łodygowice Górne
2%
Łódź Arturówek
2%
Łódź Olechów Wiadukt
2%
Łódź Olechów Wschód
2%
Łódź Radogoszcz Wschód
2%
Łódź Radogoszcz Zachód
2%
Łódź Stoki
2%
Łódź Warszawska
2%
Lubajny
2%
Lubania-Lipiny
2%
Lubawka
2%
Łubiana
2%
Lubicz
2%
Lubin Stadion
2%
Lublin AIRPORT
2%
Lubzina
2%
Łupków (Gr)
2%
Lutol Suchy
2%
Łysomice
2%
Majdan Królewski
2%
Majdan Stuleński
2%
Majewo
2%
Malinowo
2%
Marcinków
2%
Matysy
2%
Męcikał
2%
Medyka (Gr)
2%
Medzilaborce
2%
Medzilaborce Mesto
2%
Metelin
2%
Miąsowa
2%
Miękinia
2%
Mierzęcice
2%
Mieszków
2%
Mika
2%
Mikołajki Pomorskie
2%
Miłkowice
2%
Miłogoszcz
2%
Miłosław
2%
Mimowola
2%
Mińsk Mazowiecki Anielina
2%
Młynary
2%
Mokra
2%
Mokre Małopolskie
2%
Mokronos Górny
2%
Montowo
2%
Mościce Azoty
2%
Mostówka
2%
Mosty
2%
Moszczenica
2%
Moszczenica Małopolska
2%
Murów
2%
Murowana Goślina
2%
Mysłowice Brzęczkowice
2%
Mysłowice Kwk Wesoła
2%
Nekla
2%
Niedoradz
2%
Niemce
2%
Nieporęt
2%
Nisko Osiedle
2%
Nowa Grobla
2%
Nowa Iwiczna
2%
Nowa Wieś Lęborska
2%
Nowa Wieś Legnicka
2%
Nowawieś Mochy
2%
Nowa Wieś Poznańska
2%
Nowe Kutnowskie
2%
Nowe Skalmierzyce
2%
Nowosielce
2%
Nowy Jarosław
2%
Nurzec
2%
Nysa Wschodnia
2%
Oborniki Wielkopolskie Miasto
2%
Odolanów
2%
Odolion
2%
Okmiany
2%
Okonek
2%
Okuninka Białe
2%
Olesno Śląskie
2%
Olpuch
2%
Olpuch Wdzydze
2%
Olszanica
2%
Olsztyn Jezioro Ukiel
2%
Olsztyn Kortowo
2%
Olsztyn Likusy
2%
Olsztyn Redykajny
2%
Opole Czarnowąsy
2%
Opole Grotowice
2%
Osina
2%
Ostrowite koło Jabłonowa
2%
Ostrów koło Radymna
2%
Ostrów Wielkopolski Gorzyce
2%
Ostrów Wielkopolski Zachodni
2%
Ostrowy
2%
Otok
2%
Otorowo
2%
Paczkowo
2%
Padew
2%
Papiernia
2%
Parys
2%
Parysów
2%
Paterek
2%
Pawłowice Górnicze
2%
Pawłowice Śląskie Centrum
2%
Pawonków
2%
Pęgów
2%
Pępowo
2%
Pępowo Kartuskie
2%
Perzów
2%
Piaski
2%
Piastoszyn
2%
Pieniężno
2%
Pierzchno
2%
Pierzyska
2%
Pietrowice Wielkie
2%
Pietrzykowice Żywieckie
2%
Piła Fabryczna
2%
Piła Północ
2%
Piotrków Kujawski
2%
Płośnica
2%
Płoty
2%
Pobiedziska
2%
Pobiedziska Letnisko
2%
Podborsko
2%
Podbory Skawińskie
2%
Podleś
2%
Polanica-Zdrój
2%
Police Chemia
2%
Polichna Kraśnicka
2%
Ponętów
2%
Poniec
2%
Poręba
2%
Poronin Misiagi
2%
Port Lotniczy Szczecin Goleniów
2%
Poznań Karolin
2%
Prądy
2%
Promno
2%
Pruszcz Bagienica
2%
Przetycz
2%
Przyłubie
2%
Pszczyna Czarków
2%
Pułankowice
2%
Pustynia
2%
Puszcza Rządowa
2%
Radlin Wielkopolski
2%
Radoszowy
2%
Radymno
2%
Radziszów
2%
Radziwiłłów Mazowiecki
2%
Rajcza Centrum
2%
Rajec Poduchowny
2%
Rajgród
2%
Rakoniewice
2%
Rakowice
2%
Rębiechowo
2%
Redaki
2%
Reda Pieleszewo
2%
Regalica
2%
Reptowo
2%
Retkinia
2%
Rogoźnica
2%
Rogoźnica koło Rzeszowa
2%
Rogóżno koło Łańcuta
2%
Rogoźno Wielkopolskie
2%
Rokietnica
2%
Rokitki
2%
Rokitnia Stara
2%
Rożki
2%
Rozmierka
2%
Rozprza
2%
Ruchocice
2%
Ruciane-Nida
2%
Ruda Bielszowice
2%
Ruda-Huta
2%
Ruda-Opalin
2%
Ruda Talubska
2%
Rudna Gwizdanów
2%
Rudna Miasto
2%
Rudna Wielka
2%
Rudniki koło Częstochowy
2%
Rudnik Stróża
2%
Rudzienice Suskie
2%
Rurka
2%
Rusiec
2%
Rusinowice
2%
Rybnik Paruszowiec
2%
Rybnik Piaski
2%
Rybno Pomorskie
2%
Rycerka
2%
Ryjewo
2%
Ryki Ładownia
2%
Rykoszyn
2%
Rynarzewo
2%
Rytel
2%
Rzeczyce Śląskie
2%
Rzeszów Baranówka
2%
Rzeszów Dworzysko
2%
Rzeszów Osiedle
2%
Rzeszów Pobitno
2%
Rzezawa
2%
Sadowice Wrocławskie
2%
Samborowo
2%
Samostrzel
2%
Sanok Miasto
2%
Sątopy-Samulewo
2%
Sędzisław
2%
Sędziszów Małopolski Wschodni
2%
Siemiatycze
2%
Sieradz Męka
2%
Sitkówka Nowiny
2%
Sitno
2%
Skalite
2%
Skalite Serafinov
2%
Skarżysko Zachodnie
2%
Skawa
2%
Skępe
2%
Skibno
2%
Skoczów Bajerki
2%
Skwierzyna
2%
Sława Wielkopolska
2%
Sławięcice
2%
Sławków Euroterminal
2%
Słomniki
2%
Smolec
2%
Sobolew
2%
Sobótka Zachodnia
2%
Sokołowo Wrzesińskie
2%
Solec Wielkopolski
2%
Sól Kiczora
2%
Sośnica Jarosławska
2%
Sosnowiec Środula
2%
Staniątki
2%
Stara Łubianka
2%
Stara Wieś koło Kutna
2%
Stare Drzewce
2%
Stare Jabłonki
2%
Stare Koźle
2%
Stare Pole
2%
Stefanowo
2%
Stogi
2%
Stogi Malborskie
2%
Stronie
2%
Stronno
2%
Stróże
2%
Strzałkowo
2%
Strzebielino Morskie
2%
Strzelce Kujawskie
2%
Strzelinko
2%
Studzionka
2%
Sucha Beskidzka Zamek
2%
Suchatówka
2%
Sulów
2%
Sumina Wieś
2%
Surochów
2%
Susk
2%
Swarożyn
2%
Świdnica Kraszowice
2%
Świdwin Zamek
2%
Świebodzice
2%
Świebodzin
2%
Świercze
2%
Świlcza
2%
Świnoujście Warszów
2%
Szadek
2%
Szaniawy
2%
Szczecin Dąbie Osiedle
2%
Szczecin Dunikowo
2%
Szczecinek Bugno
2%
Szczecin Gocław
2%
Szczecin Golęcino
2%
Szczecin Łasztownia
2%
Szczecin Pogodno
2%
Szczecin Pomorzany
2%
Szczecin Turzyn
2%
Szczecin Wstowo
2%
Szczecin Załom
2%
Szczucin koło Tarnowa
2%
Szczutowo
2%
Szczytna
2%
Szepietowo
2%
Szewce
2%
Szymany
2%
Szymany Lotnisko
2%
Taciszów
2%
Tama Brodzka
2%
Tarnogaj
2%
Tarnów Klikowa
2%
Tarnów Północny
2%
Tarnowskie Góry Strzybnica
2%
Tarnów Wschód
2%
Teresin Niepokalanów
2%
Tleń
2%
Tłoki
2%
Topola-Osiedle
2%
Toruń Północny
2%
Toszek Północ
2%
Trąbki
2%
Trakiszki (Gr)
2%
Tropy
2%
Tryńcza
2%
Trzciana
2%
Trzebaw Rosnówko
2%
Trzebież Szczeciński
2%
Trzebinia Siersza
2%
Tuchów
2%
Turzno
2%
Turzno Kujawskie
2%
Twardawa
2%
Twardogóra
2%
Uhrusk Przystanek
2%
Ustroń Zdrój
2%
Wąchock
2%
Walawa
2%
Waliły
2%
Wandzin
2%
Warka Miasto
2%
Warszawa Antoninów
2%
Warszawa Jelonki
2%
Warszawa Miedzeszyn
2%
Warszawa Międzylesie
2%
Warszawa Mokry Ług
2%
Warszawa Wileńska Marki
2%
Warszawa Wola Grzybowska
2%
Warszawa Zacisze Wilno
2%
Warszówka
2%
Warząchewka
2%
Wasilków
2%
Wejherowo-Nanice
2%
Widełka ORLEN
2%
Widzino
2%
Widzów Teklinów
2%
Więcławice
2%
Wielbark
2%
Wieliczka Park
2%
Wielkie Drogi
2%
Wielowieś
2%
Wieluń Dąbrowa
2%
Wisła Jawornik
2%
Wkra
2%
Włocławek Brzezie
2%
Włocławek Zazamcze
2%
Wodzisław Śląski Centrum
2%
Wodzisław Śląski Radlin
2%
Wojtal
2%
Wola Baranowska
2%
Wola Duża
2%
Wolanów
2%
Wola Radziszowska
2%
Wołomin Słoneczna
2%
Wręczyca
2%
Wrocławki
2%
Wrocław Kowale
2%
Wrocław Partynice
2%
Wrocław Popiele
2%
Wrocław Różanka Ładownia
2%
Wrocław Strachocin
2%
Wrocław Swojczyce
2%
Wrocław Wojnów
2%
Wrocław Wojnów Wschodni
2%
Wrocław Wojszyce
2%
Wrześnica
2%
Wrzosów
2%
Wudzyn
2%
Wyczerpy
2%
Wysoczany
2%
Wysoka Kamieńska
2%
Zabieżki
2%
Żabi Róg
2%
Zaborze
2%
Zabrze Makoszowy Kopalnia
2%
Zaczernie
2%
Zadębie
2%
Zagnańsk
2%
Zajączkowo Lubawskie
2%
Żakowice
2%
Żakowice Południowe
2%
Zakrzów Kotowice
2%
Żalno
2%
Żarów
2%
Zarzecze APO
2%
Zator Park Rozrywki
2%
Zawadzkie
2%
Zawiercie Kądzielów
2%
Zbydniów
2%
Zduńska Wola Południowa
2%
Zdzieszowice
2%
Zebrzydowa
2%
Żelistrzewo
2%
Zembrzyce
2%
Żerków
2%
Zgierz Północ
2%
Zgorzelec Miasto
2%
Zieleń
2%
Zieliniec
2%
Zielona Góra Nowy Kisielin
2%
Zielona Góra Przylep
2%
Zielonczyn
2%
Zielone Wzgórza
2%
Złotoryja
2%
Zubki Białostockie
2%
Żukowo Zachodnie
2%
Żychlin
2%
Żydowo
2%
Arcelin
1%
Augustów Port
1%
Babica Kolonia
1%
Baborówko
1%
Bachorce
1%
Bagienice
1%
Bajtkowo
1%
Balinka
1%
Bańska Niżna
1%
Baranówka
1%
Baranowo
1%
Baranów Sandomierski
1%
Barchów
1%
Barcino
1%
Barcząca
1%
Barnowo
1%
Bartąg
1%
Bartnica
1%
Barzkowice
1%
Batowice Lubańskie
1%
Będów
1%
Będźmierowice
1%
Bełsznica
1%
Bemowizna
1%
Besko
1%
Biadoliny
1%
Biała Górna
1%
Biała Pajęczańska
1%
Biała Prudnicka
1%
Białogard Cpn
1%
Białuń
1%
Biały Kościół
1%
Białystok Nowe Miasto
1%
Bielawa Centralna
1%
Bieliny Opoczyńskie
1%
Bielkowo
1%
Bielsko-Biała Aleksandrowice
1%
Biernatowo
1%
Bierzwnik
1%
Bińcze
1%
Biskupice Oławskie
1%
Biskupiec Pomorski
1%
Błądzim
1%
Błotnica
1%
Błotnica Strzelecka
1%
Bo"Autostrada"
1%
Bobowa-Miasto
1%
Boczów
1%
Bogdaniec
1%
Bogdanowo
1%
Bogoniowice Ciężkowice
1%
Boguchwała Dolna
1%
Boguszów-Gorce Dzikowiec
1%
Boguszów-Gorce Wschód
1%
Boguszów-Gorce Zachód
1%
Boreczek
1%
Borkowo
1%
Boszkowo
1%
Bratków
1%
Bratoszewice
1%
Brochocin Trzebnicki
1%
Brzeźnica Bychawska
1%
Brzeźnica nad Wartą
1%
Brzuchowo
1%
Budachów
1%
Bujaki
1%
Bukowina Sycowska
1%
Burkat
1%
Bytnica
1%
Cesky Tesin
1%
Chlastawa
1%
Chociszew
1%
Chorula Cementownia
1%
Chorzelów
1%
Chronów
1%
Chróścina Opolska
1%
Chrusty Nowe
1%
Chrząstowice
1%
Chrząstowice Olkuskie
1%
Chrzypsko Wielkie
1%
Ciasna
1%
Ciechanowice
1%
Cieksyn
1%
Cienin
1%
Cienin Kościelny
1%
Cisówka
1%
Cygany
1%
Cykarzew
1%
Cykarzew Stary
1%
Czarnowęsy Pomorskie
1%
Czarny Blok
1%
Czastary
1%
Czekanów
1%
Czempiń
1%
Czeremcha (Gr)
1%
Czerna
1%
Czerna Mała
1%
Czeruchy
1%
Czerwonak Osiedle
1%
Częstochowa Aniołów
1%
Czudec
1%
Czyżkówko
1%
Dąbrowa Niemodlińska
1%
Dąbrowa Oleśnicka
1%
Dąbrowice Skierniewickie
1%
Dąbrówka Zabłotnia
1%
Dąbrowy
1%
Daszewo
1%
Dęba Opoczyńska
1%
Dębnica Wielkopolska
1%
Delastowice
1%
Deszczno
1%
Długie
1%
Dobczyn
1%
Dobiegniew
1%
Doboszowice
1%
Dobroń
1%
Dobroszyce
1%
Dobryszyce koło Radomska
1%
Dobrzyń
1%
Doły
1%
Domaniewice Centrum
1%
Domanin
1%
Dopiewo
1%
Droniowiczki
1%
Drużyna Poznańska
1%
Drzycim
1%
Dubidze
1%
Dunowo
1%
Durzyn
1%
Dytmarów
1%
Działoszyn
1%
Dzięczyn
1%
Dzierżążno
1%
Ełk Szyba Zachód
1%
Ełk Towarowy
1%
Fiszewo
1%
Franklinów
1%
Gącz
1%
Gągławki
1%
Gajewniki
1%
Gamerki Wielkie
1%
Garki
1%
Garzyn
1%
Gąsawy Plebańskie
1%
Gąsocin
1%
Gawrony
1%
Gdańsk Firoga
1%
Gdańsk Kiełpinek
1%
Gdańsk Niedźwiednik
1%
Gdańsk Nowe Szkoty
1%
Gdańsk Święty Wojciech
1%
Gdynia Orłowo SKM
1%
Geniusze
1%
Gierałtów
1%
Gierałtów Wykroty
1%
Gliniczek
1%
Glinnik Wieś
1%
Gliwice Kuźnica
1%
Głogów Huta
1%
Głuchołazy (Gr)
1%
Głuchołazy Miasto
1%
Głuchołazy Zdrój
1%
Głuszyca
1%
Gniewczyna
1%
Gniewiecin
1%
Goerlitz
1%
Gogolewo
1%
Gołaszewo Kujawskie
1%
Goleszów Górny
1%
Golina
1%
Gołubie Kaszubskie
1%
Gomunice
1%
Górki Noteckie
1%
Górki Ściernie
1%
Górki Śląskie
1%
Gorlice Glinik
1%
Gorzędów
1%
Gorzów Wielkopolski Zamoście
1%
Górzyca
1%
Gorzyca
1%
Górzyca Reska
1%
Gościęcino
1%
Gośniewice
1%
Gostycyn
1%
Gozdowo
1%
Grabce
1%
Grabowno Wielkie
1%
Grabowo
1%
Grambow
1%
Granowiec
1%
Grębocin
1%
Grodków Śląski
1%
Grodno
1%
Grodzie
1%
Grom
1%
Groszowice Wrzosów
1%
Grotniki
1%
Grudze
1%
Grudziądz Owczarki
1%
Grybów
1%
Grzegorzewo
1%
Grzmiąca
1%
Guben
1%
Gubinek
1%
Gubin (Gr)
1%
Gułtowy
1%
Gutowiec
1%
Gutowo Wielkopolskie
1%
Huta Komorowska
1%
Inowrocław Mątwy
1%
Iwowe
1%
Jabłowo
1%
Jadachy
1%
Janikowo
1%
Jankowce
1%
Jankowo Pomorskie
1%
Janków Przygodzki
1%
Jasień Brzeski
1%
Jaśkowice Legnickie
1%
Jaślany
1%
Jasło Fabryczne
1%
Jasło Niegłowice
1%
Jasło Towarowa
1%
Jawiszowice Jaźnik
1%
Jazy
1%
Jedlanka
1%
Jedlicze koło Zgierza
1%
Jedlicze Męcinka
1%
Jedlina Górna
1%
Jelenia Góra Przemysłowa
1%
Jelenia Góra Sobieszów
1%
Jęzor Centralny JCA
1%
Jonkowo
1%
Jup
1%
Kadyny
1%
Kalisz Szczypiorno
1%
Kamień Krajeński
1%
Kamień Łowicki
1%
Kamienna Karczma
1%
Kamieńsk
1%
Kamionki Jezioro
1%
Kanał
1%
Karnkowo
1%
Kątne
1%
Katowice Janów APO
1%
Katowice KWK Wujek
1%
Katowice Muchowiec Wschód APO
1%
Kawnice
1%
Kębłowo
1%
Kędzierzyn-Koźle Przystanek
1%
Kędzierzyn Zakłady Azotowe
1%
Kępka
1%
Kielce Słowik
1%
Kiełpin
1%
Kiełpino
1%
Kiełpino Kartuskie
1%
Kiszkowo
1%
Kłecko Wielkopolskie
1%
Klecza Dolna
1%
Klecza Górna
1%
Kłodzko Nowe
1%
Kłokowa
1%
Kłomnice
1%
Kłudna
1%
Kobylec
1%
Kochanówka Pustków
1%
Kołbiel
1%
Kolonia
1%
Komorów Podmurynia
1%
Kończyce Radomskie
1%
Koniecpol Centrum
1%
Koniecpol Magdasz
1%
Koniuchy
1%
Kopalina
1%
Korzenica
1%
Kościelnik
1%
Kotowo
1%
Koziegłowy
1%
Kozuby
1%
Krajenka
1%
Kraków Łęg
1%
Kraków Opatkowice
1%
Kraski
1%
Kretki
1%
Krężel
1%
Krobia
1%
Krojanty
1%
Krośnice Mazowieckie
1%
Krosnowa
1%
Krostkowo
1%
Kruszyna
1%
Krzepów
1%
Krzeszna
1%
Krzewina Zgorzelecka
1%
Krzyżanowice
1%
Książki
1%
Książ Wielkopolski
1%
Kunów
1%
Kunowice
1%
Kusięta
1%
Kusięta Nowe
1%
Kuźnica Białostocka (Gr)
1%
Kwk Piast
1%
Kwk Sośnica
1%
Lachowice
1%
Lachowice Centrum
1%
Ładzin
1%
Laskowice Oleskie
1%
Łaziska Huta
1%
Łaziska Kopanina
1%
Łaznów
1%
Lędziny
1%
Legnica Wschód
1%
Leluchów
1%
Leńcze
1%
Lesięcin
1%
Lewki
1%
Leźno
1%
Libusza
1%
Licze
1%
Lidzbark Miasto
1%
Ligota Toszecka
1%
Lipie Góry
1%
Lipowa Śląska
1%
Lipowa Wschodnia
1%
Lipuska Huta
1%
Lisowo
1%
Lizawice
1%
Lniano
1%
Łódź Andrzejów Szosa
1%
Łódź Dąbrowa Przemysłowa
1%
Łódź Widzew ŁKA
1%
Łopuchowo
1%
Łopuchowo Osiedle
1%
Lotyń
1%
Lubanie
1%
Lubiewo
1%
Lubomino
1%
Lubsko
1%
Luciążanka
1%
Ludynia
1%
Łuków Śląski
1%
Maciejów Północny
1%
Majdan Królewski Podlasek
1%
Mąkowarsko
1%
Malczyce
1%
Małe Gacno
1%
Malhowice
1%
Małowice Wołowskie
1%
Marzenin
1%
Maszewo Lęborskie
1%
Mędrzechów
1%
Miały
1%
Miasteczko Krajeńskie
1%
Miasteczko Śląskie Żyglin
1%
Michalczew
1%
Miedwiecko
1%
Miedźno
1%
Międzybórz Sycowski
1%
Międzylesie (Gr)
1%
Mieroszów
1%
Mietków
1%
Mikołajów
1%
Milcz
1%
Milejów
1%
Mizerów
1%
Mnichówko ODST
1%
Morochów
1%
Moszczenica Pomorska
1%
Moszna
1%
Mrozów
1%
Mszana Dolna
1%
Mykanów
1%
Narewka
1%
Narzym
1%
Nawra
1%
Niedomice
1%
Niedźwiada Łowicka
1%
Niedźwiedź Wielkopolski
1%
Niegosławice
1%
Nielep
1%
Nikielkowo
1%
Nisko Podwolina
1%
Niziny
1%
Nowa Sucha
1%
Nowe Dębe Wielkie
1%
Nowe Drezdenko
1%
Nowy Las
1%
Obrowo
1%
Ociąż
1%
Ograszka
1%
Okleśna
1%
Ołdrzychowice Kłodzkie
1%
Olek
1%
Olszanka
1%
Olszewo
1%
Olszyny
1%
Opalenie Tczewskie
1%
Opatówek
1%
Opole Elektrownia
1%
Orle
1%
Orzesze Miasto
1%
Orzeszków
1%
Ośno Lubuskie
1%
Osowiec
1%
Ostaszewo Toruńskie
1%
Ostroróg
1%
Osusz
1%
Otmuchów
1%
Otoczna
1%
Otomino
1%
Otusz
1%
Owińska
1%
Ozorków Nowe Miasto
1%
Pałecznica
1%
Papowo Toruńskie
1%
Pawłów Wielkopolski
1%
Petrovice u Karvine
1%
Pewel Mała
1%
Pewel Wielka
1%
Pęzino
1%
Piekiełko
1%
Pieńki Dubidzkie
1%
Pieńsk
1%
Piesienice
1%
Pikulice
1%
Piła Kalina
1%
Piła Kościelecka
1%
Piła Podlasie
1%
Pinczyn
1%
Pisz Wschodni
1%
Piwniczna
1%
Piwniczna-Zdrój
1%
Piwonice
1%
Platerów
1%
Płochocin
1%
Pludry
1%
Podolany
1%
Pogorzel Warszawska
1%
Pogwizdów
1%
Police Dąbrówka
1%
Polna
1%
Popielów
1%
Prażmów
1%
Prioma
1%
Proboszczewice Płockie
1%
Prostyń
1%
Przebędowo
1%
Przeciszów
1%
Przedmoście Święte
1%
Przemiarki
1%
Przemyśl Pikulice
1%
Przeradz
1%
Przybówka
1%
Przybyłowice
1%
Przygodzice
1%
Przysieki
1%
Przyszowice
1%
Przytkowice
1%
Przywory Opolskie
1%
Pszów
1%
Pustków
1%
Pyzówka
1%
Raba Wyżna
1%
Rąbino
1%
Raciborów Kutnowski
1%
Racibory
1%
Racławki
1%
Raczki
1%
Raczyce
1%
Radkowice
1%
Radliczyce
1%
Radnica
1%
Radom Krychnowice
1%
Radom Potkanów
1%
Radom Stara Wola
1%
Radziszów Centrum
1%
Rakowiec Pomorski
1%
Raszowa
1%
Rava Ruskaia
1%
Recław
1%
Recz Pomorski
1%
Rogowiec
1%
Rogożew
1%
Rokitki Tczewskie
1%
Ropczyce Witkowice
1%
Rostarzewo
1%
Ruda Orzegów
1%
Ruda Wielka
1%
Rusiec Łódzki
1%
Rutkowice
1%
Rybnik Niedobczyce
1%
Rybnik Niewiadom
1%
Rychnowo Wielkie
1%
Rydzyna
1%
Rynarcice
1%
Rytel Wieś
1%
Rząsawa
1%
Rzemień
1%
Rzerzęczyce
1%
Rzeszów Zwięczyca
1%
Sanice
1%
Sanok Dąbrówka
1%
Ścinawa
1%
Ścinawka Średnia
1%
Sędzice
1%
Sieciechów
1%
Siedlce Łaskie
1%
Siemianówka
1%
Siemianówka (Gr)
1%
Sieniawa
1%
Siepietnica
1%
Sieradz Warta
1%
Sierakowice
1%
Sieraków Śląski
1%
Sierpów
1%
Silno
1%
Sińczyca
1%
Skalmierz
1%
Skarżysko Milica
1%
Skawina Jagielnia
1%
Skawina Zachodnia
1%
Sklęczki
1%
Skoczów Bładnice
1%
Skokowa
1%
Skołyszyn
1%
Skorzewo
1%
Skrzynno
1%
Sławki
1%
Sławków LHS
1%
Ślesin
1%
Śliwice
1%
Słotwiny
1%
Słupia
1%
Smardzew
1%
Smogorzów Przysuski
1%
Smolniki
1%
Sobków
1%
Sobniów
1%
Somonino
1%
Sosnowe
1%
Spytkowice Kępki
1%
Staniszcze Małe
1%
Staniszcze Wielkie
1%
Stąporków
1%
Starachowice Wschodnie
1%
Stara Kamienica
1%
Stara Piła
1%
Starczów
1%
Stare Bielice
1%
Stare Juchy
1%
Starogard Gdański Przedmieście
1%
Stary Jawor
1%
Stary Staw
1%
Stary Węgliniec
1%
Stawiguda
1%
Stegny
1%
Sterkowiec
1%
Sterławki Wielkie
1%
Stęszew
1%
Stobno
1%
Stobno Szczecińskie
1%
Stramnica
1%
Strykowo Poznańskie
1%
Stryszawa
1%
Stryszów
1%
Strzegomek
1%
Strzelce Krajeńskie Wschód
1%
Strzeleczki
1%
Strzyżyna
1%
Stulno
1%
Stupsk Mazowiecki
1%
Suchacz Zamek
1%
Sucha Żyrardowska
1%
Suchedniów Północny
1%
Sufczyn
1%
Sulęcinek
1%
Suliszewo Drawskie
1%
Sułkowice
1%
Surochów EUROSERVICE
1%
Suszec Rudziczka
1%
Swędów
1%
Świecie Przechowo
1%
Święty Kamień
1%
Syców
1%
Szałamaje
1%
Szalowa
1%
Szarów
1%
Szczecin Cmentarz Centralny
1%
Szczecin Drzetowo
1%
Szczecinek Chyże
1%
Szczecin Łękno
1%
Szczecin Niemierzyn
1%
Szczecin Skolwin
1%
Szczecin Stołczyn
1%
Szczecin Stołczyn Północny
1%
Szczecin Trzebusz
1%
Szczecin Żelechowa
1%
Szczecin Żydowce
1%
Szczedrzykowice
1%
Szczepanów
1%
Szczepanowice
1%
Szczukowice
1%
Szebnie
1%
Szpęgawsk
1%
Sztumska Wieś
1%
Szymocice
1%
Taczanów
1%
Tantow
1%
Tarchały Wielkie
1%
Targowiska
1%
Tarło
1%
Tarnawa Dolna
1%
Tarnowiec
1%
Tarnowska Wola
1%
Tczew Suchostrzygi
1%
Tołkiny
1%
Tomaszów Bolesławiecki
1%
Tomaszówek
1%
Tomaszów Mazowiecki Białobrzegi
1%
Toruń Katarzynka
1%
Trzcianka
1%
Trzcińsko
1%
Trzebionka
1%
Tuczki
1%
Tuplice
1%
Turbia
1%
Turoszów
1%
Turowo Pomorskie
1%
Turza Wielka
1%
Turze
1%
Tuszyma
1%
Tworków
1%
Tymień
1%
Uherce Tunel
1%
Uhowo
1%
Ulikowo
1%
Unisław Śląski
1%
Urle
1%
Ustianowa
1%
Wągry
1%
Wałki
1%
Waplewo
1%
Wapno
1%
Warkocz
1%
Warnowo
1%
Ważne Młyny
1%
Węgry
1%
Węgrzce Wielkie
1%
Werchrata (Gr)
1%
Wiatrowiec
1%
Widacz
1%
Więcbork
1%
Wielanowo
1%
Wieleń
1%
Wieliczka Bogucice
1%
Wieniawa
1%
Wieruszów Miasto
1%
Wierzawice
1%
Wieżyca
1%
Wiktorowo
1%
Wilkoszewice
1%
Wiry
1%
Wistka
1%
Witaszyce
1%
Wleń
1%
Włosienica
1%
Włoszakowice
1%
Wodek
1%
Wojciechowo
1%
Wojcieszów Górny
1%
Wola Bierwiecka
1%
Wola Lipieniecka
1%
Wola Łużańska
1%
Wola Rowska
1%
Wolbrom Zachodni
1%
Woźniki
1%
Wróblik Szlachecki
1%
Wrocław Brochów PODG
1%
Wrocław Pawłowice
1%
Wronki Zamość
1%
Wrzosowo
1%
Wydminy
1%
Wygoda
1%
Wykno
1%
Wyry Wytwórnia Chemi
1%
Wyszyny
1%
Żabiny
1%
Żabowo
1%
Zagajnik
1%
Zagościniec
1%
Zakrzów-Sarnowo
1%
Zalesie Gorzyckie
1%
Załuż
1%
Zamek Bulowicki
1%
Zamków
1%
Zaosie
1%
Zarębki
1%
Zarośle
1%
Zarszyn
1%
Zasieki
1%
Zasieki (Gr)
1%
Zbąszyń Przedmieście
1%
Zblewo
1%
Zębice Wrocławskie
1%
Zębowice
1%
Zebrzydowice (Gr)
1%
Żędowice
1%
Zgierz Jaracza
1%
Zgierz Rudunki
1%
Ziębice
1%
Zielonka Pomorska
1%
Złotniki Kutnowskie
1%
Żukowice
1%
Zwardoń (Gr)
1%
Życzyn
1%
Zygmuntów
1%
Żywiec Zakłady Piwowarskie SA
1%
Alwernia Z-dy Chemiczne ALVENTA
0%
Anielin Gradowo
0%
Barbara PCC
0%
Barnówko KERiGP
0%
Bartnica KSS Świerki
0%
Belęcin Wielkopolski
0%
Bernadczyzna
0%
Biała Pilska
0%
Biała Wyżna
0%
Białe Błota Prefabet
0%
Białki Siedleckie
0%
Białogard AMPOL
0%
Białystok Bocz. 157
0%
Białystok Fabr. Ikaj
0%
Białystok Stadion
0%
Biały Zdrój Północny
0%
Biały Zdrój Południowy
0%
Bieczyno Pomorskie
0%
Bielany Podlaskie
0%
Bielawa Dolna (Gr)
0%
Bielawy
0%
Bielsko-Biała Fiat AUTO POLAND
0%
Bielsko-Biała Górne
0%
Bielsko-Biała Wapienica
0%
Bieniowiec
0%
Bierkowice
0%
Biesowice
0%
Biestrzykowice
0%
Binino
0%
Biskupnica
0%
Błażkowa
0%
Blizna
0%
Bliżyn
0%
Błonie Rokitno
0%
Bobowicko
0%
Bobrowniki
0%
Bobrowo Pomorskie
0%
Bocznica LOTOS
0%
Bogaczów
0%
Boguszewo
0%
Bohumin Vrbice
0%
Bojary
0%
Boksycka
0%
Bolesławice Świdnickie
0%
Boleszkowice
0%
Borek Wielkopolski
0%
Borki-Kosy
0%
Borki PCC
0%
Borki Siedleckie
0%
Borkowice
0%
Borowiki
0%
Borsukówka
0%
Borucice
0%
Borujsko
0%
Borzytuchom
0%
Botkuny
0%
Bożacin
0%
Boża Wola
0%
Brachów
0%
Brachów KSS Bartnica
0%
Bralin
0%
Bratków Zgorzelecki
0%
Brest-Centralnyi
0%
Brest Siewierny
0%
Brest Zapadnyj
0%
Brętowo
0%
Brody Iłżeckie
0%
Brody Pomorskie
0%
Brodzkie Młyny
0%
Brokęcino
0%
Bronów podg
0%
Bruzgi
0%
Brynica APO
0%
Brzask
0%
Brzeg Głogowski
0%
Brzeźno Człuchowskie
0%
Brzostów Wielkopolski
0%
Brzostów Wlkp. Birex Jarocin
0%
Brzozowiec Gorzowski
0%
Brzustowa Opatowska
0%
Buchałów
0%
Budziszowice
0%
Bufałowo Wschód
0%
Bufałow S Bsz
0%
Bukowa
0%
Bukowice Trzebnickie
0%
Bukowiec Międzyrzecki
0%
Bukowina Bobrzańska
0%
Bukowo
0%
Bukowo Człuchowskie
0%
Bukwałd
0%
Burkatów
0%
Bursztynowo
0%
Busko-Zdrój Ładownia
0%
Buszkowo
0%
Bydgoszcz Zachód Bocz
0%
Bystra Podhalańska
0%
Bystrzyca Górna
0%
Bystrzyca Kłodzka Przedmieście
0%
Bytom Mostva
0%
Bytonia
0%
Bzowiec
0%
Bzowo Goraj
0%
Cegłów
0%
Cerkiewnik
0%
Cernousy
0%
Chabówka Południe
0%
Chałupki Medyckie
0%
Chałupki Medyckie Czh
0%
Charzewice
0%
Chechło
0%
Chełchy
0%
Chełmek Wołowski
0%
Chełmsko
0%
Chirow Osobowy
0%
Chludowo
0%
Chocianów
0%
Chocianowice APO
0%
Chociszewo Rogoziniec
0%
Choczewo
0%
Chocznia Górna
0%
Chojnik
0%
Chomranice
0%
Chorzelów Południowy
0%
Chróścice
0%
Chróścina Nyska
0%
Chrosna
0%
Chrośnica
0%
Chróstnik
0%
Chrzanów PKN Orlen BM46
0%
Chrzanów Żelatowa
0%
Chrzanów ZMO
0%
Chrząstawa Mała
0%
Chrzęsne
0%
Chudów
0%
Chwalibogowo
0%
Chwałkowo Kościelne
0%
Chyrzyno
0%
Chytra
0%
Ciecholub
0%
Ciepłownia Zarzecze
0%
Ciepłownia Zawiszów
0%
Cierpigórz
0%
Cieśle
0%
Cieszków
0%
Cieszyn Marklowice (Gr)
0%
Cieszyno Łobeskie
0%
Cigacice Port
0%
Cikowice
0%
Cimochy
0%
Circ
0%
Correct
0%
Cybowo
0%
Cybowo WBK 822
0%
Cychry
0%
Czarne Małe
0%
Czarniecka Góra
0%
Czarnobór
0%
Czarnowo-Undy
0%
Czarny Bór Kssd
0%
Czechowizna
0%
Czeluścin
0%
Czepino
0%
Czepino Gryfskand
0%
Czermno
0%
Czerniki
0%
Czersk Świecki
0%
Czerwieńsk Południe
0%
Czerwieńsk Towarowy
0%
Czerwieńsk Wschód
0%
Czerwonków
0%
Czerwony Bór
0%
Czeska Wieś
0%
Czosnowo
0%
Czuprynowo
0%
Czyżowice
0%
Dąbie koło Dębicy
0%
Dąbie nad Nerem
0%
Dąbroszyn
0%
Dąbrowa-Łazy
0%
Dąbrowa Międzylesie
0%
Dąbrowa Namysłowska
0%
Dąbrowica Małopolska
0%
Dąbrówka Bytowska
0%
Dąbrówka Górkło
0%
Dąbrówka Jezioro Mucharskie
0%
Dąbrówka Kobułcka
0%
Dąbrówka Wielkopolska
0%
Dąbrówka Zbąska
0%
Dąbrówki Breńskie
0%
Dalekie
0%
Daleszewo
0%
Daniszewo
0%
Daniszyn
0%
Dębno Lubuskie
0%
Dębostrów
0%
Dębowy Gaj
0%
Dębska Kuźnia
0%
Dębska Wola
0%
Dębsko Pomorskie
0%
Desna
0%
Desna-Pustinska
0%
Desna-Riedl.vila
0%
Dłoń
0%
Długokąty
0%
Długopole-Zdrój
0%
Dobino Wałeckie
0%
Dobra koło Limanowej
0%
Dobrocin
0%
Dobrojewo
0%
Dobrowoda
0%
Dobrzechów
0%
Dobrzejewice
0%
Dobrzeń Wielki
0%
Dobrzykowice Wrocławskie
0%
Dobrzyniewo Duże
0%
Dolaszewo Wałeckie
0%
Dolice
0%
Dolna Odra
0%
Dolnik
0%
Dolni Polubny
0%
Dołuje
0%
Domaszków
0%
Domaszowice
0%
Domisław
0%
Drawiny
0%
Drawno
0%
Drawski Młyn
0%
Drogosze
0%
Drygulec
0%
Drzeńsko
0%
Drzewce
0%
Drzonowo
0%
Duninów
0%
Dunowo ZE
0%
Dwory Z-Dy Chem.
0%
Dytmarów Osadkowski
0%
Dziadówki
0%
Dziarnowo
0%
Dziembówko
0%
Dziemiany Kaszubskie
0%
Dziergowice
0%
Dzierżanów Wielkopolski
0%
Dzietrzniki
0%
Dziewule
0%
Dzikowice
0%
Dziwno
0%
Fasty
0%
Filipovka
0%
Firlus
0%
Fiuk
0%
Forst Lausitz
0%
Fronołów
0%
Gądków Wielki
0%
Garbce
0%
Garczyn
0%
Garwolin PGL
0%
Gąski
0%
Gaworzyce
0%
Gdakowo
0%
Gdańsk Kolonia
0%
Gdańsk Oliwa SKM
0%
Gdańsk Osowa Grupa Ożarów
0%
Gdańsk Wiślany
0%
Gdynia Port Oksywie
0%
Gęsia Górka
0%
Gierałtowice
0%
Gierłoż
0%
Gierwaty
0%
Gilów
0%
Głazów
0%
Głębokie Międzyrzeckie
0%
Glincz
0%
Gliniszcze
0%
Glinnik Bocznica
0%
Gliwice Sośnica GSB
0%
Głogów Famaba Bsz
0%
Głomno (Gr)
0%
Głowaczewo
0%
Głubczyce Las
0%
Głuchołazy Głuchołaska F-ka Mebli
0%
Głuchołazy Papiernia
0%
Głuchowo
0%
Głuszyca Górna
0%
Gniewino
0%
Gocły
0%
Godki
0%
Godków
0%
Godurowo
0%
Gołdap Zpd Tartak
0%
Golęczewo
0%
Goliszów
0%
Gołotczyzna
0%
Gołuchów LHS
0%
Goniądz
0%
Gonty
0%
Góra Kamienista Kopalnia Bazaltu
0%
Góra Pomorska
0%
Górażdże
0%
Górki Pomorskie
0%
Górki Szczukowskie
0%
Gorlice Fabryka Maszyn Glinik
0%
Górne
0%
Gorzanów
0%
Gorzelin
0%
Gorzów Wielkopolski Centrozłom
0%
Gorzów Wielkopolski Karnin
0%
Gorzów Wielkopolski Wieprzyce
0%
Gorzów Wielkopolski Zieleniec
0%
Gorzuchów Kłodzki
0%
Gorzuchowo Chełmińskie
0%
Gorzupia
0%
Górzyniec
0%
Gościkowo
0%
Gościszów
0%
Goszcza
0%
Goszczowice
0%
Goszyn
0%
Gotartów
0%
Goworki Bsz
0%
Goworowo
0%
Grabina Śląska
0%
Grąblewo
0%
Grabniak
0%
Gracze
0%
Gręboszów
0%
Grocholin
0%
Grochowiska
0%
Grodziec Mały
0%
Grodziec Niemodliński
0%
Grodziec Śląski
0%
Grodziszcze Mazowieckie
0%
Gromnik
0%
Gr. (Pokrzywna) L.333 Km 11.225
0%
Gr. (Ręczyn) L.324 km 0.689
0%
Gr. (Trzciniec Zg.) L.348 km 0.200
0%
Grylewo
0%
Gryźliny
0%
Grzegorzewice
0%
Grzywna
0%
Gucin
0%
Gumieniec
0%
Gutowiec Podg
0%
Gutowo Pomorskie
0%
Gwda Mała
0%
Hagenwerder
0%
Hanulin
0%
Hartowiec
0%
Henryków
0%
Henrykowo
0%
Hermanowice
0%
Hirschfelde
0%
Hołówki Duże
0%
Horka Gbf
0%
Hryniewicze
0%
Huta Czechy
0%
Hydronaft Gorlice
0%
IKEA Oddział ORLA
0%
Iłowa Żagańska
0%
Iłowa Żagańska VITROSILIKON
0%
Iłowiec
0%
Jabłoń Kościelna
0%
Jackowo Dworskie
0%
Jadowniki
0%
Jagodna
0%
Jakuszyce (Gr)
0%
Jamiołki
0%
Janinów
0%
Jankowa
0%
Jankowa Żagańska
0%
Jankowo Dolne ODST
0%
Jarnuty
0%
Jarszewo
0%
Jarzębia Łąka
0%
Jarzębiec
0%
Jasice
0%
Jasienica
0%
Jasienica Dolna
0%
Jasienica koło Bielska
0%
Jasienica Mazowiecka
0%
Jasienica ZCHP
0%
Jasiniec Białebłota
0%
Jasiona
0%
Jasionna Łowicka
0%
Jastrowie Miasto
0%
Jastrząbka
0%
Jastrzębie Pomorskie
0%
Jastrzębie Śląskie
0%
Jastrzębna
0%
Jastrzębsko
0%
Jawor Lafarge, Świtała
0%
Jawor Roboty Ziemne B. Świtała
0%
Jaworze Jasienica
0%
Jaworzno koło Wielunia
0%
Jedlina-Zdrój Centrum
0%
Jeglia
0%
Jelcz Miłoszyce Podg
0%
Jelenia Góra Orle
0%
Jelenia Góra Pec
0%
Jelenia Góra Zabobrze
0%
Jelenia Góra Zachodnia
0%
Jelenino
0%
Jelonki
0%
Jełowa
0%
Jemielna Oleśnicka
0%
Jeruty
0%
Jerzmanice Lubuskie
0%
Jerzmanki
0%
Jesionka
0%
Jesionowiec
0%
Jeżewice
0%
Jezierzany
0%
Jeziorki Wałeckie
0%
Jeżów Sudecki
0%
Jindrichov Ve Slez
0%
Józefówek
0%
Juszczyn
0%
Juszkowo
0%
Jutrosin
0%
Kaczkowo
0%
Kaczorów
0%
Kaczorowo
0%
Kadłub
0%
Kaława
0%
Kałęczyn
0%
Kalembina
0%
Kalina
0%
Kalisz Kaszubski
0%
Kaliszki
0%
Kalisz Pomorski Miasto
0%
Kały
0%
Kamieńczyce
0%
Kamienica Królewska
0%
Kamień Mały
0%
Kamienna Nowa
0%
Kamiennica Elbląska
0%
Kamionek Wielki
0%
Kamionka Wielka
0%
Karcino
0%
Karczyn
0%
Karłowice
0%
Karolewo Bsz
0%
Karzec
0%
Kasina Wielka
0%
KATOWICE LIGOTA ŚLĄSK
0%
Kawcze
0%
Kazimierz Pomorski
0%
Kęszyce
0%
Kętrzyno
0%
Kielce Ślichowice
0%
Kiełpinek
0%
Kietlanka
0%
Kije
0%
Kijewo
0%
Kikowo
0%
Kity
0%
Klęczany
0%
Klęczany Kss
0%
Klembów
0%
Klepacze
0%
Klępnica
0%
Kleszczele
0%
Kłobuczyn
0%
Kłodzko Książek
0%
Kłodzko Zagórze
0%
Klonowo koło Lidzbarka
0%
Kłosowice
0%
Knyszyn
0%
Kobiałki
0%
Kochcice-Glinica
0%
Kojszówka
0%
Kołaczkowo
0%
Kołaki
0%
Kolbudy
0%
Kolbudy Górne Rolbet
0%
Kołczygłówki
0%
Kolin
0%
Kołobrzeg PKN Orlen mag. nr 95
0%
Kołobrzeg Radzikowo
0%
Komorowo Żuławskie
0%
Komprachcice
0%
Konarskie
0%
Konin Żagański
0%
Konojady
0%
Konopat
0%
Konotopie
0%
Korenov
0%
Korenov zastavka
0%
Kornelin
0%
Kornica
0%
Korzeńsko
0%
Korzystno
0%
Kościelec Kujawski
0%
Kościelniki
0%
Kościelniki Dolne
0%
Kościelniki Górne
0%
Kosewo
0%
Kosieczyn
0%
Kosiorki
0%
Kosów
0%
Kosowo Wielkopolskie
0%
Kostkowo
0%
Kostów
0%
Kostrzyca
0%
Kostrzyn (Gr)
0%
Koszewnica
0%
Kotki
0%
Kotórz Mały
0%
Kotulin
0%
Kotuń
0%
Kowale Oleckie
0%
Kowalów
0%
Kowary
0%
Kowary Górne
0%
Kowary Średnie
0%
Kownatki
0%
Kozia Góra
0%
Kozia Góra Krajeńska
0%
Koziebrody
0%
Koziki
0%
Koziołek
0%
Koźla Kożuchowska
0%
Koźlice
0%
Kozłowo
0%
Kozów
0%
Kraków Balice MPL
0%
Kraków Krzesławice
0%
Kraków Pkn Orlen
0%
Kraków Podgórze P2
0%
Kraków SAMBUD-2
0%
Kralovec
0%
Krasiejów
0%
Krępa Krajeńska
0%
Krex Czuprynowo
0%
Krobusz
0%
Królewo Malbor.Bsz
0%
Krosnowice Kłodzkie
0%
Krówniki Bsz
0%
Krzcięcice
0%
Krzemieniewo
0%
Krzeniów II
0%
Krzeniów I Kosd Bsz
0%
Krześnica Sarbinowo
0%
Krzewie
0%
Krzna
0%
Krzycko Wielkie
0%
Krzymosze
0%
Krzywin Gryfiński
0%
Krzywizna
0%
Krzyżowa
0%
Krzyż Rudno
0%
Książno
0%
Księginice
0%
Kubice
0%
Kuklinów
0%
Kuleje
0%
Kulesze Kościelne
0%
Kulin Kłodzki
0%
Kundzin
0%
Kuniów
0%
Kunowice (Gr)
0%
Kupienin
0%
Kupienino
0%
Kuriany
0%
Kurowo
0%
Kurowo Braniewskie
0%
Kurów Suski
0%
Kursko
0%
Kurzagóra
0%
Kustrin-Kietz
0%
Kutno Azory Lokomotywownia
0%
Kutno Zachód Techniczna
0%
Kwb "Turów" Bocz. 5
0%
Kwiatki
0%
Kwieciszowice
0%
Kwk Czeczott
0%
Kwk Julian
0%
Kwk Kleofas
0%
Kwk Makoszowy
0%
KWK Szczygłowice
0%
Łącznik
0%
Lądek Stójków
0%
Lądek-Zdrój
0%
Łagiewniki Średzkie
0%
Łagów
0%
Łąkociny
0%
Łambinowice
0%
Łankiejmy
0%
Łapino Kartuskie
0%
Łasin Koszaliński
0%
Laski Lubuskie
0%
Laski Odrzańskie
0%
Laski Tucholskie
0%
Laskownica
0%
Lasowice Małe Oleskie
0%
Las Suwalski
0%
Ławica
0%
Ławszowa
0%
Łążek
0%
Lębork Dretowo
0%
Lębork Pzz Elewator
0%
Lednogóra ODST
0%
Lędziechowo
0%
Lędziny Kwk Ziemowit
0%
Łęgowo Sulechowskie
0%
Łęg Tarnowski
0%
Lekartów
0%
Lekomin
0%
Leśna Zakład Produkcji Kruszywa
0%
Leszczydół
0%
Leszno Kartuskie
0%
Letnica
0%
Lewickie
0%
Lewin Kłodzki
0%
Linia Zakrzewo
0%
Linkowo
0%
Linowo
0%
Lipa Łużycka
0%
Lipiany
0%
Lipińskie Małe
0%
Lipka Krajeńska
0%
Lipki
0%
Lipno Nowe
0%
Lisewo Kaszubskie
0%
Lisie Pole
0%
Lisiowólka
0%
Lisowice
0%
Łobzowiec
0%
Łódź Dąbrowa PBSZ
0%
Loecknitz
0%
Łomnica
0%
Łomnica Dolna
0%
Łomnica Średnia
0%
Łomnica-Zdrój
0%
Łosiów
0%
Łososina Górna
0%
Łososiowice
0%
Łosośna
0%
Łosośna Cl
0%
Łosośna CL 1520
0%
Łowczów
0%
Łowczówek Pleśna
0%
Łowkowice
0%
Łowyń
0%
Łoźnica
0%
Lubachów
0%
Lubanice
0%
Lubań Księginki Kopalnia Bazaltu
0%
Lubasz koło Czarnkowa
0%
Lubaszowa
0%
Lubawka (Gr)
0%
Lubiechnia Mała
0%
Lubin Kghm Bsz
0%
Lublewo
0%
Lubnia
0%
Łubnica Łomżyńska
0%
Łubowo
0%
Lucynów
0%
Łuczyce
0%
Ludmierzyce
0%
Ludwikowice Kłodzkie
0%
Ludynia Dwór
0%
Ługi Górzyckie
0%
Łukanów
0%
Łukowa Tarnowska
0%
Łupowo
0%
Lusławice
0%
Lutoryż
0%
Machnacz
0%
Machów
0%
Mąkoszyce
0%
Mała Karczma
0%
Małkowice
0%
Małomice
0%
Małujowice
0%
Mamonowo
0%
Mańczok
0%
Mańkowice
0%
Marcinkowice
0%
Marcinkowo
0%
Marcinowice Świdnickie
0%
Marciszów
0%
Marczów
0%
Markuszowa
0%
Martiany
0%
Marynowy
0%
Męcina
0%
Męcina Podgórze
0%
Męcka Wola
0%
Medzilaborce Bocz.
0%
Męka
0%
Mezimesti
0%
Miechucino
0%
Międzychód Letnisko
0%
Międzyrzecz Górażdże Cement S.A.
0%
Miejsce
0%
Miejska Górka
0%
Mielęcin Myśliborski
0%
Mielec Południowy
0%
Mieleszyn
0%
Mienia
0%
Mienia PBSZ
0%
Mieroszów (Gr)
0%
Mierzęcice APO
0%
Mierzęcin
0%
Mieszaki
0%
Mieszkowice
0%
Mietków Wksm Bsz
0%
Mikłasze
0%
Mikłaszewo
0%
Mikulovice
0%
Mikułowa
0%
Miłachowo Bocz.
0%
Milcza
0%
Milik
0%
Minkowice Oławskie
0%
Mirakowo
0%
Mirosławiec
0%
Mirosławiec WBK 824
0%
Mirosław Ujski
0%
Mirostowice Dolne APEXIM
0%
Misie
0%
Mlewiec
0%
Młodów
0%
Młyn Pałucki
0%
Młyńsko
0%
Modgarby
0%
Modła
0%
Mojusz
0%
Mokra Wieś
0%
Mokrz
0%
Mokrzyca Wielka
0%
Mołdzie TRANS-ŻWIR
0%
Morąg Kolonia
0%
Mordy Miasto
0%
Morzyca
0%
Mościsko Dzierżoniowskie
0%
Mostiska 2
0%
Mostki
0%
Mosty WBK 817
0%
Motylewo
0%
Mrocza
0%
Mszalnica
0%
Mszana Dolna Marki
0%
Mszczonów Mostva
0%
Muszaki
0%
Muszyna (Gr)
0%
Muszyna Poprad
0%
Muszyna Zdrój
0%
Mysłaków
0%
Mysłakowice
0%
Myśliczyn
0%
Myślina Lubliniecka
0%
Nadbrzeże
0%
Nadolice Małe
0%
Nadolice Wielkie
0%
Naftobaza
0%
Najmowo
0%
Namyślin
0%
Napiwoda
0%
Nawcz
0%
Nicwałd
0%
Niedomice Zuh
0%
Niekłończyca Uniemyśl
0%
Niekłonice
0%
Nielubia
0%
Niemodlin
0%
Niemojki
0%
Niepoczołowice
0%
Niestępowo
0%
Nieszawka
0%
Nietków
0%
Nietkowice
0%
Nietoperek
0%
Niewodnica
0%
Nieznany Bór
0%
Nieznany Bór Bsz
0%
Nisko Racławice
0%
Niwnice
0%
Nojewo
0%
Nowa Cerekwia
0%
Nowa Ruda Przedmieście
0%
Nowa Ruda Słupiec
0%
Nowa Ruda Zdrojowisko
0%
Nowa Wieś Cierpkie
0%
Nowa Wieś Ełcka
0%
Nowa Wieś Kościelna
0%
Nowielin
0%
Nowiny Wielkie
0%
Nowogród Bobrzański
0%
Nowogród Bobrzański Górażdże
0%
Nowogród Osiedle
0%
Nowogród Osiedle ELEWARR
0%
Nowogród Osiedle WBK719
0%
Nowogrodziec
0%
Nowogrodziec KSM Surmin-Kaolin
0%
Nowosady ANDREX-LOGISTIC
0%
Nowy Dwór koło Ornety
0%
Nowy Młyn
0%
Nowy Nurzec
0%
Nowy Sącz Biegonice
0%
Nowy Sącz Chełmiec
0%
Nowy Sącz Dąbrówka
0%
Nowy Sącz Gorzków
0%
Nowy Sącz Jamnica
0%
Nowy Sącz Miasto
0%
Nowy Solec
0%
Nowy Widzim
0%
Obkas
0%
Obliwice
0%
Obora Wielkopolska
0%
Oborniki Wielkopolskie Most
0%
Oborzyska Stare
0%
Obra Stara
0%
Obryta
0%
Oczkowice
0%
Oderbruecke
0%
Odoje
0%
Ognica
0%
Ogorzeliny
0%
Okartowo
0%
Okoły
0%
Okrąglica
0%
Okunica
0%
Olbrachtowice
0%
Ołdrzychowice OMYA
0%
Olecko Małe
0%
Olekszyn
0%
Olesno Tarnowskie
0%
Olszewka
0%
Olsztyn MPEC Kortowo
0%
Olszyna Lubańska
0%
Opole Borki
0%
Opole Chmielowice
0%
Opole Gosławice
0%
Opole Wschodnie EC Opolszczyzna ECO
0%
Orlanka
0%
Orlov
0%
Ornontowice Budryk
0%
Orzechowicze
0%
Orzechowo
0%
Orzesze Zawiść
0%
Orzeszkowo
0%
Osetnica
0%
Osiecznica Kliczków
0%
Osiek Drawski
0%
Osieki Lęborskie
0%
Oskierki Bst
0%
Osola
0%
Osowiec Przystanek
0%
Osowiec Śląski
0%
Osowo Lęborskie
0%
Ostojów
0%
Ostrówek Węgrowski
0%
Ostrowie Biebrzańskie
0%
Ostrówki koło Chodzieży
0%
Ostrów Mazowiecka Miasto
0%
Otmice
0%
Otmuchów Jezioro
0%
Ożarów Cementownia
0%
Pabianice Północne
0%
Pacholęta
0%
Paczkowo CLIP
0%
Pakość
0%
Pakosławice
0%
Pamiątkowo
0%
Panienka
0%
Panigródz
0%
Panki
0%
Panowice
0%
Parciaki
0%
Park Bug
0%
Parkowo
0%
Parleza Wielka
0%
Parłówko
0%
Pasieki
0%
Pasikurowice
0%
Patków
0%
Pątnów Legnicki WPEC
0%
Pątnów Wieluński
0%
Patrzyków
0%
Pawłowice Małe
0%
Pawłowice Małe Fabr.
0%
Pęckowo
0%
Pęklewo
0%
Perkowo
0%
Petrykozy
0%
Pewel Wielka Centrum
0%
Piasecznica
0%
Piaski Wielkopolskie
0%
Piechcin
0%
Piechowice Dolne
0%
Piekoszów
0%
Pieńsk POZ-BRUK
0%
Pierławki
0%
Pierwoszów Miłocin
0%
Pierzchały
0%
Pikus
0%
Piła PolDróg
0%
Piława Górna ZPKŁ
0%
Pilchowice Nielestno
0%
Pilchowice Zapora
0%
Pińsko Wielkopolskie
0%
Pisarzowa
0%
Planta
0%
Plavec
0%
Pławna
0%
Płaza
0%
Pliszka
0%
Płochocin Polmos
0%
Płociczno koło Suwałk
0%
Płonina
0%
Płonka
0%
Płytnica
0%
Podbiele
0%
Podchojny
0%
Poddubówek
0%
Podlasek
0%
Podlesie
0%
Podlesiec
0%
Podwierzbie
0%
Pogorzel Wielka
0%
Pogorzyce
0%
Pokój
0%
Pokrzywnica
0%
Pokrzywno
0%
Połajewo
0%
Polana Jakuszycka
0%
POLHO
0%
Police Zakład
0%
Policko
0%
Policzna
0%
Polnica
0%
Polska Nowa Wieś
0%
Półwieś
0%
Poniatowice
0%
Popowo Skwierzyńskie
0%
Porażyn
0%
Porosiuki
0%
Potok
0%
Potok Kraśnicki
0%
Powałki
0%
Powodowo
0%
Powodowo Prefabet
0%
POWODOWO XELLA
0%
Powroźnik
0%
Prabuty Góry
0%
Prądocin
0%
Prokowo
0%
Prostki
0%
Prostynia
0%
Prusewo
0%
Pruszcz Gdański Cargill
0%
Pruszcz Gdański GPRD
0%
Pruszcz Gdański GS
0%
Przechlewo
0%
Przecław Szprotawski
0%
Przecza
0%
Przełęk
0%
Przemyśl Bakończyce (Gr)
0%
Przewóz
0%
Przeździęk Wielki
0%
Przykopka
0%
Przyłęk Duży
0%
Przyrowa
0%
Przysieczyn
0%
Przysieka Stara
0%
Przysieka Stara PGL
0%
Przystań
0%
Przytocko
0%
Przytoczna
0%
Pszczew
0%
Pszenno
0%
Pszenno Cukrownia
0%
Ptaszkowa
0%
Ptaszkowo
0%
Ptusza
0%
Puchałowo
0%
Pustków Żurawski
0%
Pysząca
0%
Raba Niżna
0%
Rabka Zaryte
0%
Racewo
0%
Racławice Śląskie
0%
Radlin Marcel Bsz
0%
Radochów
0%
Radocza
0%
Radomyśl
0%
Radoszki
0%
Radów
0%
Raduń
0%
Radzieje Węgorzewskie
0%
Radzikowice
0%
Radziszewo
0%
Rajsk
0%
Rakoniewice Milickie
0%
Rakowice Wielkie
0%
Rakowice Żwirownia
0%
Rakowice Żwir. Zksm
0%
Ramiszów
0%
Raszówka
0%
Raszujka
0%
Rava Ruskaia Ii
0%
Rawicz Wschód
0%
Rębiszów
0%
Rębusz
0%
Regny
0%
Regny JW
0%
Regulice Górne
0%
Rekowo Lęborskie
0%
Reskowo
0%
Rogale
0%
Rogalice
0%
Rogiedle
0%
Rogów Sobócki
0%
Rogóźno Pomorskie
0%
Rokiciny Podhalańskie
0%
Rokita
0%
Rokitno
0%
Rokitno SHELL-GAS POLSKA
0%
Rosochatka
0%
Roszki Leśne
0%
Roszkowo Wągrowieckie
0%
Roszków Raciborski
0%
Różanystok
0%
Rozedranka
0%
Rozłazino
0%
Rozmierka Polspan
0%
Rożniaty
0%
Rożnowo
0%
Roztoki Bystrzyckie
0%
Różyna Warmińska
0%
RPR Różański
0%
Rubno Wielkie
0%
Ruciane-Nida Zachód
0%
Ruda Białaczowska
0%
Ruda Czarny Las
0%
Ruda Śląska KWK Ruda Ruch Halemba
0%
Ruda Wschodnia
0%
Rudnicze Bocz
0%
Runowo koło Wągrowca
0%
Runowo Krajeńskie
0%
Ruszów
0%
Rutwica
0%
Rybienko
0%
Rybnica
0%
Rybno Kaszubskie
0%
Rybno Wielkie
0%
Rycerka Bocznica
0%
Ryczów
0%
Ryczów Odst
0%
Ryczywół
0%
Rydzyna PODG
0%
Rytro
0%
Rytwiany
0%
Ryżyn
0%
Rzęśnica
0%
Rzeszotary
0%
Rzochów
0%
Rzozów
0%
Rzozów Centrum
0%
Sabinka
0%
Sadlinki
0%
Sadowne Węgrowskie
0%
Sadowne Węgrowskie STTH
0%
Sady
0%
Santok
0%
Sąpolno Człuchowskie
0%
Sarbiewo
0%
Sarnaki
0%
Sarnowa
0%
Sarnów koło Wysokiego Koła
0%
Ściborzyce Małe
0%
Seroki
0%
Sidra
0%
Siedlęcin
0%
Siedlec Trzebnicki
0%
Siedliska koło Tuchowa
0%
Siedlisko Czarnkowskie
0%
Siemianówka AIDA T1435
0%
Sieniawa Drawska
0%
Sieniawa Lubuska
0%
Sieniawa Żarska
0%
Sierakowice Skierniewickie
0%
Sierakowice Stare
0%
Sieraków Wielkopolski
0%
Sierzchowo
0%
Silnowo
0%
Siódmak
0%
Sitowa
0%
Skalite Kudlov
0%
Skalite pod Polanou
0%
Skandawa
0%
Skandawa (Gr)
0%
Skawa Środkowa
0%
Skomack Wielki
0%
Skopanie
0%
Skórka
0%
Skoroszyce
0%
Skrzatusz
0%
Skrzydlna
0%
Śliwiczki
0%
Słobity
0%
Słomianka
0%
Słomniki Miasto
0%
Słonice
0%
Słonowice
0%
Słosinko
0%
Słowienkowo
0%
Słuszewo
0%
Smardy
0%
Smardzko
0%
Smardzów Wrocławski
0%
Smogóry
0%
Smoleń
0%
Smoleń Pzz Bocznica
0%
Smolice
0%
Smroków
0%
Śniadowo
0%
Sobiałkowo
0%
Sokole Białostockie
0%
Sokole Cpn Nr 8 Zpn
0%
Sokoliniec
0%
Sokółka SAGA
0%
Sokółka Zpk Zadworz.
0%
Sokołowo Budzyńskie
0%
Sokoły
0%
Sokule
0%
Solniki Wielkie
0%
Sołtyków
0%
Sorkwity
0%
Sośnie Ostrowskie
0%
Sosnowiec D. F-ka Lin i Drutu
0%
Sowczyce
0%
Sowin
0%
Spławie
0%
Sporok
0%
Śrem Odlewnia
0%
Środa Śląska PGL
0%
Stanisławice
0%
Stanowice
0%
Starachowice Michałów
0%
Stara Korytnica
0%
Stare Berezowo
0%
Stare Bielsko
0%
Stare Guty
0%
Stare Kurowo
0%
Stare Olesno
0%
Stargard Kluczewo
0%
Stargard Osiedle
0%
Stargard Zni
0%
Starkowo
0%
Staropole
0%
Staropole Częstochowskie
0%
Stary Borek
0%
Stary Garbów
0%
Stary Grodków
0%
Stary Kisielin
0%
Stary Klukom
0%
Stary Młyn
0%
Stary Wielisław
0%
Starżawa
0%
Stawiany
0%
Stawiany Pińczowskie
0%
Staw Kunowski
0%
Stawno
0%
Steknica
0%
Stępień
0%
Sterławki Małe
0%
Stok Lacki
0%
Stożne
0%
Strabla
0%
Strączno
0%
Stradomia
0%
Straszewo Białostockie
0%
Straszyn Prędzieszyn
0%
Stronie Śląskie
0%
Strumiany
0%
Strzała Bsz
0%
Strzebielewo
0%
Strzebielinko Lęborskie
0%
Strzebiń
0%
Strzebiń Podg
0%
Strzelce Świdnickie
0%
Strzelin Cukrownia
0%
Strzyżów nad Wisłokiem
0%
Strzyżów Zachodni
0%
Studniska
0%
Studzianka
0%
Studzianki Nowe
0%
Studzieniec
0%
Studzienki
0%
Styków Iłżecki
0%
Suchowolce
0%
Suchy Bór Opolski
0%
Sulików
0%
Sulino
0%
Suliszewo Choszczeńskie
0%
Suszka
0%
Świątniki
0%
Świba
0%
Świdnica ELECTROLUX
0%
Świdnica Zawiszów
0%
Świdwie Sępoleńskie
0%
Świecie nad Wisłą ZCiP
0%
Świerki Dolne
0%
Świętajno
0%
Świętno
0%
Świnoujście Baza P.M
0%
Świsłocz
0%
Swobodna
0%
Sycze
0%
Syrynia
0%
Szachy
0%
Szadkowice
0%
Szaflary
0%
Szaflary Wieś
0%
Szaradowo Zalesie
0%
Szarbków
0%
Szczaniec
0%
Szczawno - Ciemnice
0%
Szczawno-Ciemnice
0%
Szczecin Dąbie SDC
0%
Szczecin Elektrownia Pomorzany
0%
Szczecin Mścięcino
0%
Szczecin Ostrów Grabowski
0%
Szczecin Port C. Lok
0%
Szczecin Port C. Nabr. Star. T. 846
0%
Szczecin Sec Bocz.
0%
Szczecin Skolwin Północny
0%
Szczepankowo
0%
Szczepice
0%
Szczepki
0%
Szczygłowice Kopalnia
0%
Szeroki Bór
0%
Szeroki Bór Jw156
0%
Szewnica
0%
Szprotawa
0%
Szreniawa
0%
Szulborze Wielkie
0%
Szumirad
0%
Szybowice
0%
Szydłów Centrum
0%
Szydłowiec Śląski
0%
Szydłowo Krajeńskie
0%
Szymbory
0%
Szymiszów
0%
Tanvald
0%
Tarnowiec Brzeski
0%
Tarnów Klikowa Bsz
0%
Tarnów Opolski
0%
Tarnowo Pomorskie
0%
Tarnowo Rogozińskie
0%
Tarnowskie G.Fazos
0%
Tawęcino
0%
Tedex-Oil
0%
Templewo
0%
Tezet
0%
Toliszczek
0%
Tomisław
0%
Topór
0%
Toporów
0%
Toruń Mokre
0%
Torzym
0%
Tralewo
0%
Troszyn
0%
Trypucie
0%
Trzciniec Zgorzelecki
0%
Trzebieńczyce
0%
Trzebieszowice
0%
Trzebinia Sz Włodzim
0%
Trzebiszewo
0%
Trzemeszno Lubuskie
0%
Tuchlin
0%
Tuchorza
0%
Tuczno Krajeńskie
0%
Tułowice
0%
Tuły
0%
Tumlin
0%
Tuplice Dębinka
0%
Turoszów Elektrownia
0%
Turoszów Kopalnia
0%
Turzynów
0%
Tuszów Narodowy
0%
Ubocze
0%
Uherka Mijanka
0%
Ujazd Górny
0%
Ujście Noteckie
0%
Unieszewo
0%
Visnova
0%
vl. v km 29,785
0%
Wadowice Osiedle Podhalanin
0%
Wałbrzych EKO CARBO - Julia
0%
Wałbrzych Szczawienko PEC SA
0%
Wałb. Szcz. Górażdże
0%
Wałb. Szcz. Petrobaz
0%
Wałcz Raduń
0%
Wałcz WBK 847 Bocznica
0%
Wałdowo Szlacheckie
0%
Wałowice
0%
Wapienno
0%
Wapienno Przystanek
0%
Wardyń
0%
Wardyń Cpn Bocz.
0%
Wargowo
0%
Warnice Dębica
0%
Warszawa Gł.Towa.Bem
0%
Warszawa Ochota Postojowa
0%
Warszawa Wsch Utrata
0%
Wasilówka
0%
Wąsosz Konecki
0%
Wawrów
0%
Wędrzyn
0%
Węgorzyno
0%
Wejherowo Cementownia
0%
Wężyska
0%
Wiatrowiec Warmiński
0%
Widuchowa
0%
Widzim Stary
0%
Wielewo Bos
0%
Wieliczki Oleckie
0%
Wielkie Piekary
0%
Wielkie Wierzno Bocznica
0%
Wielkie Wieżno
0%
Wierchomla
0%
Wierchomla Wielka
0%
Wierna Rzeka
0%
Wieruszów JURA-POLSKA
0%
Wierzbica Górna
0%
Wierzbice
0%
Wierzbiczany
0%
Wierzbno
0%
Wierzbowa Śląska
0%
Wierzchowice
0%
Wierzchowo Człuchowskie
0%
Wierzchowo Pomorskie
0%
Wieszczyczyn
0%
Wietrzychowo
0%
Wiewiecko
0%
Wilcza Góra
0%
Wilcza Góra Kopalnia Bazaltu
0%
Wilczyce
0%
Wilczyska
0%
Wilka
0%
Wilkasy
0%
Wilkasy Niegocin
0%
Wilków Namysłowski
0%
Wilkowo Świebodzińskie
0%
Wilków Złotoryjski
0%
Wipsowo
0%
Wisłoczanka
0%
Wiśniowa
0%
Witanów
0%
Witkowo
0%
Witków Śląski
0%
Witnica
0%
Witnica Chojeńska
0%
Witosław
0%
Witowo
0%
Włostowo
0%
Włoszczowice
0%
Wnory
0%
Wojanów
0%
Wojaszówka
0%
Wójcice
0%
Wojnowice Wielkopolskie
0%
Wojsław
0%
Wola Radziszowska Lipki
0%
Wolbórka
0%
Wołczyn
0%
Wolenice
0%
Wólka Plebańska
0%
Wólka Ratowiecka
0%
Wołowno
0%
Worowo
0%
Woszczele
0%
Woźnice
0%
Wrocław Świeb. Centrozłom O\Wrocław
0%
Wrocław Świebodzki DOLKOM DZN
0%
Wroniawy
0%
Wrząca Pomorska
0%
Wysoka Braniewska
0%
Wysoka Krajeńska
0%
Wysokolitowsk
0%
Wyszków Śląski
0%
Wyszogóra
0%
Wyszomierz
0%
Zabiele
0%
Zabiele Wielkie
0%
Żabieniec
0%
Zabłotczyzna
0%
Żabno koło Chojnic
0%
Zaborów
0%
Zaborów Błonia
0%
Ząbrowo
0%
Żagań Jw 718
0%
Zagórze Śląskie
0%
Zajączkowo Tcz. War.
0%
Zajezierce
0%
Zakrzewo Złotowskie
0%
Zalesie Wielkopolskie
0%
Zamostne
0%
Zaręba
0%
Zaręby Kościelne
0%
Zaręczyca
0%
Żarnowa
0%
Żarów Electrolux Poland
0%
Żary Kunice
0%
Żary Kunice CIECH Vitrisilikon
0%
Zaryń
0%
Zastocze
0%
Zatom Stary
0%
Zawidów
0%
Zawidów (Gr)
0%
Zawidz
0%
Zawidz Kościelny
0%
Zborowice
0%
Zdrody Nowe
0%
Żdżary
0%
Zdziechowa
0%
Zdziesz.Z-Dy Koksow.
0%
Żednia
0%
Żegiestów
0%
Żegiestów-Zdrój
0%
Żelazno
0%
Zelczyna
0%
Żeleznodorożnyj
0%
Żelisławie Pomorskie
0%
Zełwągi
0%
Zembrzyce Nowe
0%
Zgorzelec (Gr)
0%
Zielin Miastecki
0%
Zielomyśl
0%
Zielonka Pasłęcka
0%
Ziemiełowice
0%
Ziemomyśl
0%
Zimnochy
0%
Zittau
0%
Złocieniec WBK 839
0%
Złotkowo
0%
Złotniki Grzybowe
0%
Żółtnica
0%
Żółwino
0%
Żórawina
0%
Żory Baranowice
0%
Zosinów
0%
Zubki Białostoc.(Gr)
0%
Zubrzyk
0%
Żugienie
0%
Zwartowo
0%
Zygmuntowo Mazowieckie
0%
Żyźniewo
0%
Nie znaleziono quizów pasujących do podanych kryteriów
Rozkład punktacji
Procent ludzi z każdym wynikiem
Percentyl według liczby udzielonych odpowiedzi
Twoja historia wyników
Nie rozwiązałeś tego quizu